{"text_format":"3","workbook":"xlsx","n_sheets":3,"sheets":["OCTUBRE","NOVIEMBRE","DICIEMBRE"],"not_rendered":{"images":1},"read":"whole","date_system":"1900"}

{"sheet":"OCTUBRE","index":0,"n_rows":176,"n_cols":13,"rows_kept":176,"merged":[[168,1,168,3],[169,1,169,3],[170,9,170,10],[171,9,171,10],[172,1,172,3],[173,1,173,3],[174,9,174,10],[175,9,175,10]]}
[]
[]
[]
[]
[{"$nulls":4}," "]
[{"$nulls":10},"2025-10-31"]
["INVENTARIO DE ALMACEN "]
["CODIGO","DESCRIPCION DEL PRODUCTO",null,null,"UNIDAD MEDIDA","CANTIDAD","ENTRADA","TOTAL","PRECIO","SALIDA DE USO MENSUAL","CANTIDAD ACTIVA EN ALMACEN","VALOR TOTAL ACTIVO","VALORDE TOTAL CONSUMO"]
[101,"ACORDEON 10*12 CARTON PIEDRA",null,null,"UNID ",4,null,{"$f":"F9+G9","v":4},{"v":744,"d":"744.00 $"},4,{"$f":"H9-J9","v":0},{"$f":"I9*K9","v":0},{"$f":"I9*J9","v":{"v":2976,"d":"$2,976.00"}}]
[102,"AMBIENTADOR SPRAY",null,null,"UNID ",0,24,{"$f":"F10+G10","v":24},{"v":192,"d":"192.00 $"},5,{"$f":"H10-J10","v":19},{"$f":"I10*K10","v":{"v":3648,"d":"$3,648.00"}},{"$f":"I10*J10","v":{"v":960,"d":"$960.00"}}]
[103,"AGUA BOTELLITAS",null,null,"UNID ",160,400,560,{"v":6.5,"d":"6.50 $"},160,400,{"v":2600,"d":"$2,600.00"},{"v":1040,"d":"$1,040.00"}]
[104,"AXION EN PASTA",null,null,"UNID ",4,16,20,{"v":116,"d":"116.00 $"},10,10,{"v":1160,"d":"$1,160.00"},{"v":1160,"d":"$1,160.00"}]
[105,"BAYGON 400ML",null,null,"UNID ",9,null,9,{"v":349,"d":"349.00 $"},4,5,{"v":1745,"d":"$1,745.00"},{"v":1396,"d":"$1,396.00"}]
[106,"BOLIGRAFOS AZULES",null,null,"UNID ",22,72,94,{"v":10.1,"d":"10.10 $"},51,43,{"v":434.3,"d":"$434.30"},{"v":515.1,"d":"$515.10"}]
[107,"BOLIGRAFOS NEGROS",null,null,"UNID ",38,null,38,{"v":7,"d":"7.00 $"},2,36,{"v":252,"d":"$252.00"},{"v":14,"d":"$14.00"}]
[108,"BOLIGRAFOS ROJOS",null,null,"UNID ",105,null,105,{"v":7,"d":"7.00 $"},12,93,{"v":651,"d":"$651.00"},{"v":84,"d":"$84.00"}]
[109,"BOLIGRAFOS VERDES",null,null,"UNID ",9,null,9,{"v":10,"d":"10.00 $"},1,8,{"v":80,"d":"$80.00"},{"v":10,"d":"$10.00"}]
[110,"BORRANTE DE LECHE ",null,null,"UNID ",8,null,8,{"v":8,"d":"8.00 $"},null,8,{"v":64,"d":"$64.00"},0]
[111,"BRILLO GRUESO 12/1 ROMANO",null,null,"UNID ",20,12,32,{"v":69.6,"d":"69.60 $"},4,28,{"v":1948.7999999999997,"d":"$1,948.80"},{"v":278.4,"d":"$278.40"}]
[112,"BRILLO GRIS",null,null,"UNID ",2,12,14,{"v":69.6,"d":"69.60 $"},2,12,{"v":835.1999999999999,"d":"$835.20"},{"v":139.2,"d":"$139.20"}]
[113,"BRILLO VERDE Y ESPONJA",null,null,"UNID ",7,null,7,{"v":57.8,"d":"57.80 $"},1,6,{"v":346.79999999999995,"d":"$346.80"},{"v":57.8,"d":"$57.80"}]
[114,"CAJA PLASTICAS DE 27 GL NEGRA",null,null,"UNID",13,null,13,{"v":1350,"d":"1,350.00 $"},4,9,{"v":12150,"d":"$12,150.00"},{"v":5400,"d":"$5,400.00"}]
[115,"CAJITA DE GRAPAS ESTÁNDAR 26/6",null,null,"UNID",11,null,11,{"v":47.17,"d":"47.17 $"},4,7,{"v":330.19,"d":"$330.19"},{"v":188.68,"d":"$188.68"}]
[116,"CALCULADORA",null,null,"UNID",3,null,3,{"v":359.9,"d":"359.90 $"},null,3,{"v":1079.6999999999998,"d":"$1,079.70"},0]
[117,"CARPETA NEGRA  #1",null,null,"UNID",4,null,4,{"v":469,"d":"469.00 $"},null,{"$f":"H25-J25","v":4},{"v":1876,"d":"$1,876.00"},0]
[118,"CARPETA NEGRA # 2",null,null,"UNID",2,null,2,{"v":178.2,"d":"178.20 $"},null,{"$f":"H26-J26","v":2},{"v":356.4,"d":"$356.40"},0]
[119,"CARPETAS  # 3",null,null,"UNID",2,null,2,{"v":147.5,"d":"147.50 $"},null,2,{"v":295,"d":"$295.00"},0]
[120,"CHINCHETAS",null,null,"CAJAS",4,null,4,{"v":84.75,"d":"84.75 $"},null,4,{"v":339,"d":"$339.00"},0]
[121,"CEPILLO DE INODORO",null,null,"UNID",2,null,2,{"v":159.3,"d":"159.30 $"},2,0,0,{"v":318.6,"d":"$318.60"}]
[122,"CERA PARA CONTAR",null,null,"UNID",10,null,10,{"v":60,"d":"60.00 $"},null,10,{"v":600,"d":"$600.00"},0]
[123,"CINTA MASKING TAPE 3/4 VISIBLE",null,null,"UNID",34,null,34,{"v":75,"d":"75.00 $"},1,33,{"v":2475,"d":"$2,475.00"},{"v":75,"d":"$75.00"}]
[124,"CINTA DE EMPAQUE ",null,null,"UNID",2,6,8,{"v":47.2,"d":"47.20 $"},4,4,{"v":188.8,"d":"$188.80"},{"v":188.8,"d":"$188.80"}]
[125,"CINTA MAGICA SUMADORA",null,null,"UNID",2,null,2,{"v":76.7,"d":"76.70 $"},null,2,{"v":153.4,"d":"$153.40"},0]
[126," CLIPS JUMBO",null,null,"UNID",23,null,23,{"v":38,"d":"38.00 $"},12,11,{"v":418,"d":"$418.00"},{"v":456,"d":"$456.00"}]
[127,"CINTA MASKING TAPE CREMA",null,null,"UNID",0,24,24,{"v":46,"d":"46.00 $"},10,14,{"v":644,"d":"$644.00"},{"v":460,"d":"$460.00"}]
[128,"CUBO PLATICOS DE AGUJA DESECHABLES",null,null,"UNID",12,null,12,{"v":50,"d":"50.00 $"},11,1,{"v":50,"d":"$50.00"},{"v":550,"d":"$550.00"}]
[129,"CLIPS BILLETERO 32 MM 12/1",null,null,"UNID",36,null,36,{"v":123.9,"d":"123.90 $"},null,36,{"v":4460.400000000001,"d":"$4,460.40"},0]
[130,"CLIPS BILLETERO 41 MM 12/1",null,null,"UNID",27,null,27,{"v":171.1,"d":"171.10 $"},null,27,{"v":4619.7,"d":"$4,619.70"},0]
[131,"CLIPS BILLETERO 51 MM 12/1",null,null,"UNID",24,null,24,{"v":230.1,"d":"230.10 $"},2,22,{"v":5062.2,"d":"$5,062.20"},{"v":460.2,"d":"$460.20"}]
[132,"CLORO",null,null,"GALON",19,40,59,{"v":91.53,"d":"91.53 $"},24,35,{"v":3203.55,"d":"$3,203.55"},{"v":2196.7200000000003,"d":"$2,196.72"}]
[133,"CONTROL DE LIQUIDO(ENFERMERIA)",null,null,"TALONARIO",11,null,11,{"v":1200,"d":"1,200.00 $"},null,11,{"v":13200,"d":"$13,200.00"},0]
[134,"CUADERNOS COCIDOS",null,null,"UNID",0,24,24,{"v":53,"d":"53.00 $"},11,13,{"v":689,"d":"$689.00"},{"v":583,"d":"$583.00"}]
[135,"CUCHARA 25/1",null,null,"CAJA",0,3,3,{"v":631.3,"d":"631.30 $"},2,1,{"v":631.3,"d":"$631.30"},{"v":1262.6,"d":"$1,262.60"}]
[136,"ESCOBA C/PALO",null,null,"UNID",7,null,7,{"v":133,"d":"133.00 $"},4,3,{"v":399,"d":"$399.00"},{"v":532,"d":"$532.00"}]
[138," FOLDER AMARILLO OFICINA",null,null,"UNID",134,500,{"$f":"F45+G45","v":634},{"v":2.33,"d":"2.33 $"},359,275,{"v":640.75,"d":"$640.75"},{"v":836.47,"d":"$836.47"}]
[138," FOLDER VERDE 8 1/2 X 11",null,null,"UNID",371,null,{"$f":"F46+G46","v":371},{"v":4.95,"d":"4.95 $"},213,158,{"v":782.1,"d":"$782.10"},{"v":1054.3500000000001,"d":"$1,054.35"}]
[139," FUNDA NEGRA 17 x22 GL PEQUEÑA",null,null,"PAQ",29,null,29,{"v":72,"d":"72.00 $"},null,29,{"v":2088,"d":"$2,088.00"},0]
[140,"FUNDA  NEGRA #6",null,null,"PAQ",30,null,30,{"v":36.58,"d":"36.58 $"},null,30,{"v":1097.3999999999999,"d":"$1,097.40"},0]
[141,"FUNDA  ROJA #2",null,null,"PAQ",25,null,25,{"v":20,"d":"20.00 $"},null,25,{"v":500,"d":"$500.00"},0]
[142,"FUNDA AZULES #4",null,null,"PAQ",35,null,35,{"v":26,"d":"26.00 $"},null,35,{"v":910,"d":"$910.00"},0]
[143,"FUNDA NEGRA  MEDIANA 30 GL",null,null,"PAQ",23,null,23,{"v":1080,"d":"1,080.00 $"},5,18,{"v":19440,"d":"$19,440.00"},{"v":5400,"d":"$5,400.00"}]
[144,"FUNDA NEGRA GRANDE 55 GL",null,null,"PAQ",7,null,7,{"v":616,"d":"616.00 $"},null,7,{"v":4312,"d":"$4,312.00"},0]
[145,"FUNDA ROJA  PEQUENAS 17 GL",null,null,"PAQ",8,null,8,{"v":240,"d":"240.00 $"},3,5,{"v":1200,"d":"$1,200.00"},{"v":720,"d":"$720.00"}]
[146,"FUNDA ROJA GRANDE 55 gl",null,null,"UNID",3,null,3,{"v":1030.1,"d":"1,030.10 $"},null,3,{"v":3090.2999999999997,"d":"$3,090.30"},0]
[147,"FUNDA ROJA MEDIANA 30 GL",null,null,"PAQ",18,null,18,{"v":450.36,"d":"450.36 $"},8,10,{"v":4503.6,"d":"$4,503.60"},{"v":3602.88,"d":"$3,602.88"}]
[148,"GALON JABON LIQUIDO DE MANO",null,null,"GALON",4,null,4,{"v":171.1,"d":"171.10 $"},null,4,{"v":684.4,"d":"$684.40"},0]
[149,"GANCHOS P/FOLDER MH",null,null,"CAJA",8,null,8,{"v":141.6,"d":"141.60 $"},null,8,{"v":1132.8,"d":"$1,132.80"},0]
[150,"GALON JABON DE CUABA",null,null,"GALON",4,null,4,{"v":165.25,"d":"165.25 $"},1,3,{"v":495.75,"d":"$495.75"},{"v":165.25,"d":"$165.25"}]
[151,"GOMITAS",null,null,"CAJA",6,null,6,{"v":45,"d":"45.00 $"},6,0,0,{"v":270,"d":"$270.00"}]
[152,"GRAPADORA NEGRA",null,null,"CAJA",1,4,5,{"v":320,"d":"320.00 $"},5,0,0,{"v":1600,"d":"$1,600.00"}]
[153,"GUANTES MULTIUSOS",null,null,"UNID",5,12,17,{"v":666.36,"d":"666.36 $"},11,6,{"v":3998.16,"d":"$3,998.16"},{"v":7329.96,"d":"$7,329.96"}]
[154,"HISTORIA CLINICA PERINATAL",null,null,"TALONARIO",9,null,9,{"v":1298,"d":"1,298.00 $"},1,8,{"v":10384,"d":"$10,384.00"},{"v":1298,"d":"$1,298.00"}]
[155," HOJA DE ANOTACION ENFERMERIA",null,null,"RESMA",4,null,4,{"v":826,"d":"826.00 $"},null,4,{"v":3304,"d":"$3,304.00"},0]
[156,"HOJA DE ADMICION ",null,null,"RESMA",5,null,5,{"v":165,"d":"165.00 $"},null,5,{"v":825,"d":"$825.00"},0]
[157,"HOJA DE ATENCION DIARIA",null,null,"TALONARIO",3,null,3,{"v":994,"d":"994.00 $"},null,3,{"v":2982,"d":"$2,982.00"},0]
[158,"HOJA DE CERTIFICACION",null,null,"RESMA",2,null,2,{"v":1475,"d":"1,475.00 $"},null,2,{"v":2950,"d":"$2,950.00"},0]
[159,"HOJA DE CONSULTA EXTERNA ",null,null,"TALONARIO",19,null,19,{"v":994,"d":"994.00 $"},4,15,{"v":14910,"d":"$14,910.00"},{"v":3976,"d":"$3,976.00"}]
[160,"HOJA PACIENTE  DIETA",null,null,"TALONARIO",18,null,18,{"v":800,"d":"800.00 $"},null,18,{"v":14400,"d":"$14,400.00"},0]
[161,"HOJA DE DIRECCION CUIDADO DE ENFERMERIA",null,null,"TALONARIO",32,null,32,{"v":994,"d":"994.00 $"},null,32,{"v":31808,"d":"$31,808.00"},0]
[162,"HOJA DE ENFER EN AREA EMERGENCIA FO63",null,null,"TALONARIO",17,null,17,{"v":994,"d":"994.00 $"},null,17,{"v":16898,"d":"$16,898.00"},0]
[163,"HOJA DE ENFERMERIA",null,null,"TALONARIO",8,null,8,{"v":1298,"d":"1,298.00 $"},null,8,{"v":10384,"d":"$10,384.00"},0]
[164,"HOJA DE EVOLUCION ",null,null,"TALONARIO",5,null,5,{"v":294,"d":"294.00 $"},null,5,{"v":1470,"d":"$1,470.00"},0]
[165,"HOJA DE ANESTESIA",null,null,"TALONARIO",13,null,13,{"v":185,"d":"185.00 $"},null,13,{"v":2405,"d":"$2,405.00"},0]
[166,"HOJA DE HISTORIAL CLINICO",null,null,"TALONARIO",46,null,46,{"v":195,"d":"195.00 $"},5,41,{"$f":"I74*K74","v":{"v":7995,"d":"$7,995.00"}},{"$f":"I74*J74","v":{"v":975,"d":"$975.00"}}]
[167,"HOJA D KARDEX D MEDICAMENTO SOLUCIONES",null,null,"TALONARIO",17,null,17,{"v":1298,"d":"1,298.00 $"},null,17,{"v":22066,"d":"$22,066.00"},0]
[168,"HOJA DE REFERENCIA Y CONTRA REFERENCIA",null,null,"TALONARIO",11,null,11,{"v":826,"d":"826.00 $"},null,11,{"v":9086,"d":"$9,086.00"},0]
[169,"HOJA DE GLICEMIA",null,null,"TALONARIO",3,null,3,{"v":350,"d":"350.00 $"},3,0,0,{"v":1050,"d":"$1,050.00"}]
[170,"HOJA  RESUMEN MEDICO DE EGRESO",null,null,"RESMA",2,null,2,{"v":826,"d":"826.00 $"},null,2,{"v":1652,"d":"$1,652.00"},0]
[171,"HOJA  SEGURIDAD CIRUGIA",null,null,"RESMA",2,null,2,{"v":1475,"d":"1,475.00 $"},null,2,{"v":2950,"d":"$2,950.00"},0]
[172,"HOJA DESIGNOGRAMA ENFERM",null,null,"TALONARIO",9,null,9,{"v":994,"d":"994.00 $"},null,9,{"v":8946,"d":"$8,946.00"},0]
[173,"HOJA KARDEX MED INTERNA  INSUMOS",null,null,"TALONARIO",9,null,9,{"v":994,"d":"994.00 $"},null,9,{"v":8946,"d":"$8,946.00"},0]
[174,"HOJA LEGAL 8 1/2*14 RESMA",null,null,"RESMA",4,null,4,{"v":348,"d":"348.00 $"},1,3,{"v":1044,"d":"$1,044.00"},{"v":348,"d":"$348.00"}]
[175,"HOJA ORDEN MEDICA",null,null,"TALONARIO",27,null,27,{"v":800,"d":"800.00 $"},null,27,{"v":21600,"d":"$21,600.00"},0]
[176,"HOJA  HISTORIAL OPERATORIO",null,null,"TALONARIO",5,null,5,{"v":1299,"d":"1,299.00 $"},null,5,{"v":6495,"d":"$6,495.00"},0]
[177,"HOJA SIGNOS VITALES ",null,null,"TALONARIO",10,null,10,{"v":1200,"d":"1,200.00 $"},null,10,{"v":12000,"d":"$12,000.00"},0]
[178,"HOJA GRAFICA DE TEMPERATURA",null,null,"RESMA",1,null,1,{"v":994,"d":"994.00 $"},null,1,{"v":994,"d":"$994.00"},0]
[179,"HOJAS TIMBRADA",null,null,"TALONARIO",10,null,10,{"v":1350,"d":"1,350.00 $"},3,7,{"v":9450,"d":"$9,450.00"},{"v":4050,"d":"$4,050.00"}]
[180,"HOJA DE CONFIRMACION DE CIRUGIA",null,null,"RESMA",1,null,1,{"v":1298,"d":"1,298.00 $"},null,1,{"v":1298,"d":"$1,298.00"},0]
[181,"LABELSP/FOLDER",null,null,"UNID",5,6,11,{"v":112.1,"d":"112.10 $"},3,8,{"v":896.8,"d":"$896.80"},{"v":336.29999999999995,"d":"$336.30"}]
[182,"LAPIZ",null,null,"UNID",31,null,31,{"v":10,"d":"10.00 $"},null,{"$f":"H90-J90","v":31},{"v":310,"d":"$310.00"},0]
[183,"LIBRO BANCO VENTA SERVICIOS",null,null,"UNID",1,null,1,{"v":2360,"d":"2,360.00 $"},null,1,{"v":2360,"d":"$2,360.00"},0]
[184,"TALONARIO DE OXIGENO",null,null,"TALONARIO",8,null,8,{"v":200,"d":"200.00 $"},null,8,{"v":1600,"d":"$1,600.00"},0]
[185,"LIBRO DE EMERGENCIA",null,null,"UNID",3,null,3,{"v":1770,"d":"1,770.00 $"},2,1,{"v":1770,"d":"$1,770.00"},{"v":3540,"d":"$3,540.00"}]
[186,"LIBRO DE LABORATORIO PACIENTE",null,null,"UNID",0,null,0,{"v":1170,"d":"1,170.00 $"},null,0,0,0]
[187,"LIBRO DE CONTROL DE PARASITOLOGIA COPROLOGICO",null,null,"UNID",1,null,1,{"v":1170,"d":"1,170.00 $"},null,1,{"v":1170,"d":"$1,170.00"},0]
[188,"LIBRO DE PARTO Y NACIMIENTO",null,null,"UNID",3,null,3,{"v":1170,"d":"1,170.00 $"},null,3,{"v":3510,"d":"$3,510.00"},0]
[189,"LIBRO  DE CIRUGIA",null,null,"UNID",5,null,5,{"v":1770,"d":"1,770.00 $"},null,5,{"v":8850,"d":"$8,850.00"},0]
[190,"LIBRO DE CONS REGISTRO VIH",null,null,"UNID",0,null,0,{"v":1770,"d":"1,770.00 $"},null,0,0,0]
[191,"LIBRO DE SEROLOGIA",null,null,"UNID",2,null,2,{"v":2360,"d":"2,360.00 $"},null,2,{"v":4720,"d":"$4,720.00"},0]
[192,"LIBRO DE URIANALISIS",null,null,"UNID",1,null,1,{"v":2360,"d":"2,360.00 $"},null,1,{"v":2360,"d":"$2,360.00"},0]
[193,"LIBRO HEMATOLOGIA",null,null,"UNID",2,null,2,{"v":2000,"d":"2,000.00 $"},null,2,{"v":4000,"d":"$4,000.00"},0]
[194,"LIBRO QUIMICO",null,null,"UNID",2,null,2,{"v":2360,"d":"2,360.00 $"},1,1,{"v":2360,"d":"$2,360.00"},{"v":2360,"d":"$2,360.00"}]
[195,"LIBRO INTERNAMIENTO",null,null,"UNID",3,null,3,{"v":1770,"d":"1,770.00 $"},null,3,{"v":5310,"d":"$5,310.00"},0]
[196,"LIBRO DE RAYOS X",null,null,"UNID",2,null,2,{"v":1770,"d":"1,770.00 $"},null,2,{"v":3540,"d":"$3,540.00"},0]
[197,"LIBRO RECORD DE REGISTRO ADOLECENTE ",null,null,"UNID",0,null,0,{"v":1800,"d":"1,800.00 $"},null,0,0,0]
[198,"LIQUID PAPER T/L CORRECTOR",null,null,"UNID",11,null,11,{"v":30,"d":"30.00 $"},10,1,{"v":30,"d":"$30.00"},{"v":300,"d":"$300.00"}]
[199,"MARCADORES AZULES ",null,null,"UNID",33,null,33,{"v":30,"d":"30.00 $"},6,27,{"v":810,"d":"$810.00"},{"v":180,"d":"$180.00"}]
[200,"MARCADORES NEGROS ",null,null,"UNID",34,null,34,{"v":30,"d":"30.00 $"},4,30,{"v":900,"d":"$900.00"},{"v":120,"d":"$120.00"}]
[201,"MISTOLIN ",null,null,"GALON",9,40,49,{"v":104,"d":"104.00 $"},28,21,{"v":2184,"d":"$2,184.00"},{"v":2912,"d":"$2,912.00"}]
[202,"PAPEL CARBON 8 1/2*11",null,null,"UNID",25,null,{"$f":"F110+G110","v":25},{"v":325,"d":"325.00 $"},null,25,{"v":8125,"d":"$8,125.00"},0]
[203,"PAPEL HIGIENICO FARDO 48/1 ",null,null,"UNID",179,96,275,{"v":22.6,"d":"22.60 $"},147,128,{"v":2892.8,"d":"$2,892.80"},{"v":3322.2000000000003,"d":"$3,322.20"}]
[204,"PAPEL MANILA NATURAL KRAF",null,null,"UNID",0,2,2,{"v":3916,"d":"3,916.00 $"},1,1,{"v":3916,"d":"$3,916.00"},{"v":3916,"d":"$3,916.00"}]
[205,"PAPEL TOALLA 6/1",null,null,"UNID",0,24,24,{"v":95.38,"d":"95.38 $"},12,12,{"v":1144.56,"d":"$1,144.56"},{"v":1144.56,"d":"$1,144.56"}]
[206,"PERFORADORA 2",null,null,"UNID",0,null,0,{"v":306.08,"d":"306.08 $"},null,0,0,0]
[207,"PERFORADORA 3 ",null,null,"UNID",1,null,1,{"v":631.3,"d":"631.30 $"},null,1,{"v":631.3,"d":"$631.30"},0]
[208,"PILA AAA PEQUEÑA",null,null,"UNID",30,null,30,{"v":54,"d":"54.00 $"},2,28,{"v":1512,"d":"$1,512.00"},{"v":108,"d":"$108.00"}]
[209,"PILA AA",null,null,"UNID",38,null,38,{"v":53,"d":"53.00 $"},6,32,{"v":1696,"d":"$1,696.00"},{"v":318,"d":"$318.00"}]
[210," PAPEL CON DIVISION 200/1 OPTION",null,null,"CAJA",0,2,2,{"v":1085,"d":"1,085.00 $"},1,1,{"v":1085,"d":"$1,085.00"},{"v":1085,"d":"$1,085.00"}]
[211,"PLATOS",null,null,"FARDO",7,8,15,{"v":1291,"d":"1,291.00 $"},9,6,{"v":7746,"d":"$7,746.00"},{"v":11619,"d":"$11,619.00"}]
[212,"POS-IT 3*3",null,null,"RESMA",0,null,0,{"v":33.63,"d":"33.63 $"},null,0,0,0]
[213,"RECOJEDOR DE BASURA",null,null,"UNID",2,6,8,{"v":109.25,"d":"109.25 $"},2,6,{"v":655.5,"d":"$655.50"},{"v":218.5,"d":"$218.50"}]
[214,"RESALTADOR ",null,null,"UNID",13,null,13,{"v":39,"d":"39.00 $"},1,12,{"v":468,"d":"$468.00"},{"v":39,"d":"$39.00"}]
[215,"RESMA DE CONTROL DE EXISTENCIA",null,null,"RESMA",3,null,3,{"v":1298,"d":"1,298.00 $"},null,3,{"v":3894,"d":"$3,894.00"},0]
[216,"RESMA HOJA DE MAQUINA 8/2 *11",null,null,"RESMA",35,100,135,{"v":228,"d":"228.00 $"},62,73,{"v":16644,"d":"$16,644.00"},{"v":14136,"d":"$14,136.00"}]
[217,"ROLLO DE PAPEL SUMADORA",null,null,"UNID",4,12,16,{"v":23,"d":"23.00 $"},null,16,{"v":368,"d":"$368.00"},0]
[218,"ROTULO PARA SOLUCION Y MEDICAMENTOS",null,null,"UNID",950,null,950,{"v":6.5,"d":"6.50 $"},100,850,{"v":5525,"d":"$5,525.00"},{"v":650,"d":"$650.00"}]
[219,"SACA GRAPA",null,null,"UNID",6,null,6,{"v":30,"d":"30.00 $"},3,3,{"v":90,"d":"$90.00"},{"v":90,"d":"$90.00"}]
[220,"SACAPUNTA METAL ",null,null,"UNID",20,null,20,{"v":15,"d":"15.00 $"},null,20,{"v":300,"d":"$300.00"},0]
[221,"SACO DE DETERGENTE",null,null,"UNID",2,3,5,{"v":1100,"d":"1,100.00 $"},3,2,{"v":2200,"d":"$2,200.00"},{"v":3300,"d":"$3,300.00"}]
[222,"SERVILLETA C-FOLD 24/100 XCELENT",null,null,"UNID",28,96,124,{"v":24.5,"d":"24.50 $"},22,102,{"v":2499,"d":"$2,499.00"},{"v":539,"d":"$539.00"}]
[223,"SERVILLETAS DE BINGO 60/1",null,null,"UNID",310,180,490,{"v":11.5,"d":"11.50 $"},174,316,{"v":3634,"d":"$3,634.00"},{"v":2001,"d":"$2,001.00"}]
[224,"SOBRE CARTA VENTANILLA",null,null,"UNID",900,null,900,{"v":1.85,"d":"1.85 $"},null,900,{"v":1665,"d":"$1,665.00"},0]
[225,"SOBRE MANILA 9*12 500 UNID",null,null,"UNID",390,null,390,{"v":13.85,"d":"13.85 $"},null,390,{"v":5401.5,"d":"$5,401.50"},0]
[226,"SOBRE MANILA 14*17 1000 UNIDAD",null,null,"UNID",910,null,910,{"v":13.85,"d":"13.85 $"},null,910,{"v":12603.5,"d":"$12,603.50"},0]
[227,"SOBRE MANILA 10*14 DE 500 UNID",null,null,"UNID",260,null,260,{"v":7.1,"d":"7.10 $"},10,250,{"v":1775,"d":"$1,775.00"},{"v":71,"d":"$71.00"}]
[228,"SOBRE TIMBRADO",null,null,"UNID",300,null,300,{"v":13,"d":"13.00 $"},15,285,{"v":3705,"d":"$3,705.00"},{"v":195,"d":"$195.00"}]
[229,"SUAPER JUMBO",null,null,"GALON",5,6,11,{"v":175,"d":"175.00 $"},8,3,{"v":525,"d":"$525.00"},{"v":1400,"d":"$1,400.00"}]
[230,"SUAVITEL",null,null,"GALON",4,null,4,{"v":148.31,"d":"148.31 $"},3,1,{"$f":"I138*K138","v":{"v":148.31,"d":"$148.31"}},{"$f":"I138*J138","v":{"v":444.93,"d":"$444.93"}}]
[231,"TALONARIO DE PATOLOGIA",null,null,"TALONARIO",25,null,25,{"v":70.8,"d":"70.80 $"},null,25,{"v":1770,"d":"$1,770.00"},0]
[232,"TALONARIO HISTORIAL CLINICO EMERGENCIA",null,null,"TALONARIO",0,null,0,{"v":275,"d":"275.00 $"},null,0,0,0]
[233,"TALONARIO ORDEN MEDICA",null,null,"TALONARIO",25,null,25,{"v":275,"d":"275.00 $"},null,25,{"v":6875,"d":"$6,875.00"},0]
[234,"TALONARIO COPROLOGICO",null,null,"TALONARIO",96,null,96,{"v":88.35,"d":"88.35 $"},null,96,{"v":8481.599999999999,"d":"$8,481.60"},0]
[235,"TALALONARIO HEMOTOLOGIA",null,null,"TALONARIO",59,null,59,{"v":88.35,"d":"88.35 $"},10,49,{"v":4329.15,"d":"$4,329.15"},{"v":883.5,"d":"$883.50"}]
[236,"TALONARIO CONFIMACION DE  QUIRURGICA ",null,null,"TALONARIO",5,null,5,{"v":185,"d":"185.00 $"},null,5,{"v":925,"d":"$925.00"},0]
[237,"TALONARIO LABORATORIO CLINICO",null,null,"TALONARIO",73,null,73,{"v":37,"d":"37.00 $"},36,37,{"v":1369,"d":"$1,369.00"},{"v":1332,"d":"$1,332.00"}]
[238,"TALONARIO PARTOGRAMA POSPARTO",null,null,"TALONARIO",9,null,9,{"v":185,"d":"185.00 $"},null,9,{"v":1665,"d":"$1,665.00"},0]
[239,"TALONARIO HISTORIAL OPERATORIO",null,null,"RESMA",1,null,1,{"v":185,"d":"185.00 $"},null,1,{"v":185,"d":"$185.00"},0]
[240,"TALONARIO URIANALISIS",null,null,"TALONARIO",118,null,118,{"v":53.1,"d":"53.10 $"},10,108,{"v":5734.8,"d":"$5,734.80"},{"v":531,"d":"$531.00"}]
[241,"TALONARIO REQUISICION DE FARMACIA",null,null,"TALONARIO",7,null,7,{"v":413,"d":"413.00 $"},1,6,{"v":2478,"d":"$2,478.00"},{"v":413,"d":"$413.00"}]
[242,"TALONARIO CUIDADO DE ENFERERIA VIH MEDIA",null,null,"TALONARIO",8,null,8,{"v":275,"d":"275.00 $"},null,8,{"v":2200,"d":"$2,200.00"},0]
[243,"TALONARIO CONCENTIMIENTO INFORMADO LARGO",null,null,"TALONARIO",3,null,3,{"v":756,"d":"756.00 $"},null,3,{"v":2268,"d":"$2,268.00"},0]
[244,"TALONARIO DE CLASIFICACION",null,null,"TALONARIO",30,null,30,{"v":756,"d":"756.00 $"},null,30,{"v":22680,"d":"$22,680.00"},0]
[245,"TALONARIO DE CONTROL TEMPERATURA",null,null,"TALONARIO",15,null,15,{"v":294,"d":"294.00 $"},null,15,{"v":4410,"d":"$4,410.00"},0]
[246,"TALONARIO DE CUOTA DE CONTRIBUCION",null,null,"TALONARIO",10,null,10,{"v":185,"d":"185.00 $"},null,{"$f":"H154-J154","v":10},{"v":1850,"d":"$1,850.00"},0]
[247,"TALONARIO PROTOCOLO ATENCION AL PARTO",null,null,"TALONARIO",8,null,8,{"v":185,"d":"185.00 $"},null,8,{"v":1480,"d":"$1,480.00"},0]
[248,"TALONARIO HOJA DE KARDEX INSUMO",null,null,"TALONARIO",9,null,9,{"v":994,"d":"994.00 $"},null,9,{"v":8946,"d":"$8,946.00"},0]
[249,"TALONARIO SOLICITUD DE ALMACEN",null,null,"TALONARIO",6,null,6,{"v":224,"d":"224.00 $"},null,6,{"v":1344,"d":"$1,344.00"},0]
[250,"TALONARIO SALIDA ALMACEN",null,null,"TALONARIO",24,null,24,{"v":275,"d":"275.00 $"},null,24,{"v":6600,"d":"$6,600.00"},0]
[251,"TAPA DE VASOS #12 CLEA  10/100",null,null,"UNID",3,10,13,{"v":224,"d":"224.00 $"},13,0,0,{"v":2912,"d":"$2,912.00"}]
[252,"TARJETA DE CITA",null,null,"UNID",30,1000,1030,{"v":2.75,"d":"2.75 $"},300,730,{"v":2007.5,"d":"$2,007.50"},{"v":825,"d":"$825.00"}]
[253,"TARJETA DE EXPEDIENTE ",null,null,"UNID",1600,null,1600,{"v":4.5,"d":"4.50 $"},null,1600,{"v":7200,"d":"$7,200.00"},0]
[254,"TALONARIO RECETARIO NORMAL",null,null,"TALONARIO",987,null,987,{"v":53.65,"d":"53.65 $"},61,926,{"v":49679.9,"d":"$49,679.90"},{"v":3272.65,"d":"$3,272.65"}]
[255,"TIJERAS",null,null,"UNID",2,null,2,{"v":62.54,"d":"62.54 $"},1,1,{"v":62.54,"d":"$62.54"},{"v":62.54,"d":"$62.54"}]
[256,"TINTA PARA SELLO AZUL",null,null,"UNID",11,null,11,{"v":106,"d":"106.00 $"},3,8,{"v":848,"d":"$848.00"},{"v":318,"d":"$318.00"}]
[257,"TOALLA MICROFIBRA16´´ *16´´",null,null,"PAQU",17,null,17,{"v":49.56,"d":"49.56 $"},8,9,{"v":446.04,"d":"$446.04"},{"v":396.48,"d":"$396.48"}]
[258,"ENVASES PLASTICOS 4 OZ",null,null,"UNID",14,20,34,{"v":147,"d":"147.00 $"},34,0,0,{"v":4998,"d":"$4,998.00"}]
[259,"TAPAS PLASTICAS 4 OZ",null,null,"PAQU",14,20,34,{"v":137,"d":"137.00 $"},34,0,0,{"v":4658,"d":"$4,658.00"}]
[260,"VASO 12 CAJA 40/25 FOAM",null,null,"PAQU",123,80,203,{"v":53.2,"d":"53.20 $"},73,130,{"v":6916,"d":"$6,916.00"},{"v":3883.6000000000004,"d":"$3,883.60"}]
[261,"VASO # 5",null,null,"PAQU",26,100,126,{"v":55,"d":"55.00 $"},17,109,{"v":5995,"d":"$5,995.00"},{"v":935,"d":"$935.00"}]
[262,"VASOS #7",null,null,"PAQU",63,100,163,{"v":38.94,"d":"38.94 $"},123,40,{"v":1557.6,"d":"$1,557.60"},{"v":4789.62,"d":"$4,789.62"}]
[{"$nulls":11},{"$f":"SUM(L9:L170)","v":{"v":636936.4,"d":"$636,936.40"}}]
[{"$nulls":9},"TOTAL DE COMSUMO",null,{"$f":"SUM(M9:M171)","v":{"v":138533.88999999996,"d":"$138,533.89"}}]
[261,"VASO # 5",null,null,"PAQU",26,100,{"$f":"F173+G173","v":126},{"v":55,"d":"55.00 $"},17,{"$f":"H173-J173","v":109},{"$f":"I173*K173","v":{"v":5995,"d":"$5,995.00"}},{"$f":"I173*J173","v":{"v":935,"d":"$935.00"}}]
[262,"VASOS #7",null,null,"PAQU",63,100,163,{"v":38.94,"d":"38.94 $"},123,40,{"v":1557.6,"d":"$1,557.60"},{"v":4789.62,"d":"$4,789.62"}]
[{"$nulls":11},{"$f":"SUM(L13:L174)","v":{"v":1412551.29,"d":"$1,412,551.29"}}]
[{"$nulls":9},"TOTAL DE CONSUMO",null,{"$f":"SUM(M13:M175)","v":{"v":138122.50999999998,"d":"$138,122.51"}}]

{"sheet":"NOVIEMBRE","index":1,"n_rows":177,"n_cols":13,"rows_kept":177,"merged":[[11,0,11,3],[12,1,12,3],[72,1,72,2],[81,1,81,2],[109,1,109,3],[140,1,140,3],[141,1,141,3],[142,1,142,3],[151,1,151,3],[152,1,152,3],[156,1,156,3],[164,1,164,3],[165,1,165,3],[167,1,167,3],[168,1,168,3],[173,1,173,3],[174,1,174,3],[175,9,175,10],[176,9,176,10]]}
[]
[]
[]
[]
[]
[{"$nulls":4}," "]
[]
[]
[]
[]
[{"$nulls":10},"2025-11-30"]
["INVENTARIO DE ALMACEN "]
["CODIGO","DESCRIPCION DEL PRODUCTO",null,null,"UNIDAD MEDIDA","CANTIDAD","ENTRADA","TOTAL","PRECIO","SALIDA DE USO MENSUAL","CANTIDAD ACTIVA EN ALMACEN","VALOR TOTAL ACTIVO","VALORDE TOTAL CONSUMO"]
[101,"ACORDEON 10*12 CARTON PIEDRA",null,null,"UNID ",0,null,{"$f":"F14+G14","v":0},{"v":744,"d":"744.00 $"},null,{"$f":"H14-J14","v":0},{"$f":"I14*K14","v":0},{"$f":"I14*J14","v":0}]
[102,"AMBIENTADOR SPRAY",null,null,"UNID ",19,null,{"$f":"F15+G15","v":19},{"v":192,"d":"192.00 $"},5,{"$f":"H15-J15","v":14},{"$f":"I15*K15","v":{"v":2688,"d":"$2,688.00"}},{"$f":"I15*J15","v":{"v":960,"d":"$960.00"}}]
[103,"AGUA BOTELLITAS",null,null,"UNID ",400,null,400,{"v":6.5,"d":"6.50 $"},100,300,{"v":1950,"d":"$1,950.00"},{"v":650,"d":"$650.00"}]
[104,"AXION EN PASTA",null,null,"UNID ",10,null,10,{"v":116,"d":"116.00 $"},7,3,{"v":348,"d":"$348.00"},{"v":812,"d":"$812.00"}]
[105,"BAYGON 400ML",null,null,"UNID ",5,null,5,{"v":349,"d":"349.00 $"},3,2,{"v":698,"d":"$698.00"},{"v":1047,"d":"$1,047.00"}]
[106,"BOLIGRAFOS AZULES",null,null,"UNID ",43,null,43,{"v":10.1,"d":"10.10 $"},18,25,{"v":252.5,"d":"$252.50"},{"v":181.79999999999998,"d":"$181.80"}]
[107,"BOLIGRAFOS NEGROS",null,null,"UNID ",36,null,36,{"v":7,"d":"7.00 $"},null,36,{"v":252,"d":"$252.00"},0]
[108,"BOLIGRAFOS ROJOS",null,null,"UNID ",93,null,93,{"v":7,"d":"7.00 $"},2,91,{"v":637,"d":"$637.00"},{"v":14,"d":"$14.00"}]
[109,"BOLIGRAFOS VERDES",null,null,"UNID ",8,null,8,{"v":10,"d":"10.00 $"},null,8,{"v":80,"d":"$80.00"},0]
[110,"BORRANTE DE LECHE ",null,null,"UNID ",8,null,8,{"v":8,"d":"8.00 $"},null,8,{"v":64,"d":"$64.00"},0]
[111,"BRILLO GRUESO 12/1 ROMANO",null,null,"UNID ",28,null,28,{"v":69.6,"d":"69.60 $"},null,28,{"v":1948.7999999999997,"d":"$1,948.80"},0]
[112,"BRILLO GRIS",null,null,"UNID ",12,null,12,{"v":69.6,"d":"69.60 $"},null,12,{"v":835.1999999999999,"d":"$835.20"},0]
[113,"BRILLO VERDE Y ESPONJA",null,null,"UNID ",6,null,6,{"v":57.8,"d":"57.80 $"},null,6,{"v":346.79999999999995,"d":"$346.80"},0]
[114,"CAJA PLASTICAS DE 27 GL NEGRA",null,null,"UNID",9,null,9,{"v":1350,"d":"1,350.00 $"},null,9,{"v":12150,"d":"$12,150.00"},0]
[115,"CAJITA DE GRAPAS ESTÁNDAR 26/6",null,null,"UNID",7,null,7,{"v":47.17,"d":"47.17 $"},4,3,{"v":141.51,"d":"$141.51"},{"v":188.68,"d":"$188.68"}]
[116,"CALCULADORA",null,null,"UNID",3,null,3,{"v":359.9,"d":"359.90 $"},null,3,{"v":1079.6999999999998,"d":"$1,079.70"},0]
[117,"CARPETA NEGRA  #1",null,null,"UNID",4,null,4,{"v":469,"d":"469.00 $"},null,{"$f":"H30-J30","v":4},{"v":1876,"d":"$1,876.00"},0]
[118,"CARPETA NEGRA # 2",null,null,"UNID",2,null,2,{"v":178.2,"d":"178.20 $"},null,2,{"v":356.4,"d":"$356.40"},0]
[119,"CARPETAS  # 3",null,null,"UNID",2,null,2,{"v":147.5,"d":"147.50 $"},null,2,{"v":295,"d":"$295.00"},0]
[120,"CHINCHETAS",null,null,"CAJAS",4,null,4,{"v":84.75,"d":"84.75 $"},null,4,{"v":339,"d":"$339.00"},0]
[121,"CEPILLO DE INODORO",null,null,"UNID",0,null,0,{"v":159.3,"d":"159.30 $"},null,0,0,0]
[122,"CERA PARA CONTAR",null,null,"UNID",10,null,10,{"v":60,"d":"60.00 $"},null,10,{"v":600,"d":"$600.00"},0]
[123,"CINTA MASKING TAPE 3/4 VISIBLE",null,null,"UNID",33,null,33,{"v":75,"d":"75.00 $"},null,33,{"v":2475,"d":"$2,475.00"},0]
[124,"CINTA DE EMPAQUE ",null,null,"UNID",4,null,4,{"v":47.2,"d":"47.20 $"},null,4,{"v":188.8,"d":"$188.80"},0]
[125,"CINTA MAGICA SUMADORA",null,null,"UNID",2,null,2,{"v":76.7,"d":"76.70 $"},null,2,{"v":153.4,"d":"$153.40"},0]
[126," CLIPS JUMBO",null,null,"UNID",11,null,11,{"v":38,"d":"38.00 $"},4,7,{"v":266,"d":"$266.00"},{"v":152,"d":"$152.00"}]
[127,"CINTA MASKING TAPE CREMA",null,null,"UNID",14,null,14,{"v":46,"d":"46.00 $"},8,6,{"v":276,"d":"$276.00"},{"v":368,"d":"$368.00"}]
[128,"CUBO PLATICOS DE AGUJA DESECHABLES",null,null,"UNID",1,null,1,{"v":50,"d":"50.00 $"},1,0,0,{"v":50,"d":"$50.00"}]
[129,"CLIPS BILLETERO 32 MM 12/1",null,null,"UNID",36,null,36,{"v":123.9,"d":"123.90 $"},null,36,{"v":4460.400000000001,"d":"$4,460.40"},0]
[130,"CLIPS BILLETERO 41 MM 12/1",null,null,"UNID",27,null,27,{"v":171.1,"d":"171.10 $"},null,27,{"v":4619.7,"d":"$4,619.70"},0]
[131,"CLIPS BILLETERO 51 MM 12/1",null,null,"UNID",22,null,22,{"v":230.1,"d":"230.10 $"},null,22,{"v":5062.2,"d":"$5,062.20"},0]
[132,"CLORO",null,null,"GALON",35,null,35,{"v":91.53,"d":"91.53 $"},16,19,{"v":1739.07,"d":"$1,739.07"},{"v":1464.48,"d":"$1,464.48"}]
[133,"CONTROL DE LIQUIDO(ENFERMERIA)",null,null,"TALONARIO",11,null,11,{"v":1200,"d":"1,200.00 $"},null,11,{"v":13200,"d":"$13,200.00"},0]
[134,"CUADERNOS COCIDOS",null,null,"UNID",13,null,13,{"v":53,"d":"53.00 $"},2,11,{"v":583,"d":"$583.00"},{"v":106,"d":"$106.00"}]
[135,"CUCHARA 25/1",null,null,"CAJA",1,null,1,{"v":631.3,"d":"631.30 $"},1,0,0,{"v":631.3,"d":"$631.30"}]
[136,"ESCOBA C/PALO",null,null,"UNID",3,null,3,{"v":133,"d":"133.00 $"},null,3,{"v":399,"d":"$399.00"},0]
[138," FOLDER AMARILLO OFICINA",null,null,"UNID",275,null,{"$f":"F50+G50","v":275},{"v":2.33,"d":"2.33 $"},null,275,{"v":640.75,"d":"$640.75"},0]
[138," FOLDER VERDE 8 1/2 X 11",null,null,"UNID",158,null,158,{"v":4.95,"d":"4.95 $"},5,153,{"v":757.35,"d":"$757.35"},{"v":24.75,"d":"$24.75"}]
[139," FUNDA NEGRA 17 x22 GL PEQUEÑA",null,null,"PAQ",29,null,29,{"v":72,"d":"72.00 $"},6,23,{"v":1656,"d":"$1,656.00"},{"v":432,"d":"$432.00"}]
[140,"FUNDA  NEGRA #6",null,null,"PAQ",30,null,30,{"v":36.58,"d":"36.58 $"},1,29,{"v":1060.82,"d":"$1,060.82"},{"v":36.58,"d":"$36.58"}]
[141,"FUNDA  ROJA #2",null,null,"PAQ",25,null,25,{"v":20,"d":"20.00 $"},null,25,{"v":500,"d":"$500.00"},0]
[142,"FUNDA AZULES #4",null,null,"PAQ",35,null,35,{"v":26,"d":"26.00 $"},null,35,{"v":910,"d":"$910.00"},0]
[143,"FUNDA NEGRA  MEDIANA 30 GL",null,null,"PAQ",18,null,18,{"v":1080,"d":"1,080.00 $"},6,12,{"v":12960,"d":"$12,960.00"},{"v":6480,"d":"$6,480.00"}]
[144,"FUNDA NEGRA GRANDE 55 GL",null,null,"PAQ",7,null,7,{"v":616,"d":"616.00 $"},2,5,{"v":3080,"d":"$3,080.00"},{"v":1232,"d":"$1,232.00"}]
[145,"FUNDA ROJA  PEQUENAS 17 GL",null,null,"PAQ",5,null,5,{"v":240,"d":"240.00 $"},null,5,{"v":1200,"d":"$1,200.00"},0]
[146,"FUNDA ROJA GRANDE 55 gl",null,null,"UNID",3,null,3,{"v":1030.1,"d":"1,030.10 $"},null,3,{"v":3090.2999999999997,"d":"$3,090.30"},0]
[147,"FUNDA ROJA MEDIANA 30 GL",null,null,"PAQ",10,null,10,{"v":450.36,"d":"450.36 $"},3,7,{"v":3152.52,"d":"$3,152.52"},{"v":1351.08,"d":"$1,351.08"}]
[148,"GALON JABON LIQUIDO DE MANO",null,null,"GALON",4,null,4,{"v":171.1,"d":"171.10 $"},null,4,{"v":684.4,"d":"$684.40"},0]
[149,"GANCHOS P/FOLDER MH",null,null,"CAJA",8,null,8,{"v":141.6,"d":"141.60 $"},1,7,{"v":991.1999999999999,"d":"$991.20"},{"v":141.6,"d":"$141.60"}]
[150,"GALON JABON DE CUABA",null,null,"GALON",3,null,3,{"v":165.25,"d":"165.25 $"},1,2,{"v":330.5,"d":"$330.50"},{"v":165.25,"d":"$165.25"}]
[151,"GOMITAS",null,null,"CAJA",0,null,0,{"v":45,"d":"45.00 $"},null,0,0,0]
[152,"GRAPADORA NEGRA",null,null,"CAJA",0,null,0,{"v":320,"d":"320.00 $"},null,0,0,0]
[153,"GUANTES MULTIUSOS",null,null,"UNID",6,null,6,{"v":666.36,"d":"666.36 $"},2,4,{"v":2665.44,"d":"$2,665.44"},{"v":1332.72,"d":"$1,332.72"}]
[154,"HISTORIA CLINICA PERINATAL",null,null,"TALONARIO",8,null,8,{"v":1298,"d":"1,298.00 $"},1,7,{"v":9086,"d":"$9,086.00"},{"v":1298,"d":"$1,298.00"}]
[155," HOJA DE ANOTACION ENFERMERIA",null,null,"RESMA",4,null,4,{"v":826,"d":"826.00 $"},null,4,{"v":3304,"d":"$3,304.00"},0]
[156,"HOJA DE ADMICION ",null,null,"RESMA",5,null,5,{"v":165,"d":"165.00 $"},null,5,{"v":825,"d":"$825.00"},0]
[157,"HOJA DE ATENCION DIARIA",null,null,"TALONARIO",3,null,3,{"v":994,"d":"994.00 $"},null,3,{"v":2982,"d":"$2,982.00"},0]
[158,"HOJA DE CERTIFICACION",null,null,"RESMA",2,null,2,{"v":1475,"d":"1,475.00 $"},null,2,{"v":2950,"d":"$2,950.00"},0]
[159,"HOJA DE CONSULTA EXTERNA ",null,null,"TALONARIO",15,null,15,{"v":994,"d":"994.00 $"},null,15,{"v":14910,"d":"$14,910.00"},0]
[160,"HOJA PACIENTE  DIETA",null,null,"TALONARIO",18,null,18,{"v":800,"d":"800.00 $"},null,18,{"v":14400,"d":"$14,400.00"},0]
[161,"HOJA DE DIRECCION CUIDADO DE ENFERMERIA",null,null,"TALONARIO",32,null,32,{"v":994,"d":"994.00 $"},null,32,{"v":31808,"d":"$31,808.00"},0]
[162,"HOJA DE ENFER EN AREA EMERGENCIA FO63",null,null,"TALONARIO",17,null,17,{"v":994,"d":"994.00 $"},null,17,{"v":16898,"d":"$16,898.00"},0]
[163,"HOJA DE ENFERMERIA",null,null,"TALONARIO",8,null,8,{"v":1298,"d":"1,298.00 $"},null,8,{"v":10384,"d":"$10,384.00"},0]
[164,"HOJA DE EVOLUCION ",null,null,"TALONARIO",5,null,5,{"v":294,"d":"294.00 $"},null,5,{"v":1470,"d":"$1,470.00"},0]
[165,"HOJA DE ANESTESIA",null,null,"TALONARIO",13,null,13,{"v":185,"d":"185.00 $"},1,12,{"v":2220,"d":"$2,220.00"},{"v":185,"d":"$185.00"}]
[166,"HOJA DE HISTORIAL CLINICO",null,null,"TALONARIO",41,null,{"$f":"F79+G79","v":41},{"v":195,"d":"195.00 $"},null,{"$f":"H79-J79","v":41},{"$f":"I79*K79","v":{"v":7995,"d":"$7,995.00"}},{"$f":"I79*J79","v":0}]
[167,"HOJA D KARDEX D MEDICAMENTO SOLUCIONES",null,null,"TALONARIO",17,null,17,{"v":1298,"d":"1,298.00 $"},null,17,{"v":22066,"d":"$22,066.00"},0]
[168,"HOJA DE REFERENCIA Y CONTRA REFERENCIA",null,null,"TALONARIO",11,null,11,{"v":826,"d":"826.00 $"},null,11,{"v":9086,"d":"$9,086.00"},0]
[169,"HOJA DE GLICEMIA",null,null,"TALONARIO",0,null,0,{"v":350,"d":"350.00 $"},null,0,0,0]
[170,"HOJA  RESUMEN MEDICO DE EGRESO",null,null,"RESMA",2,null,2,{"v":826,"d":"826.00 $"},null,2,{"v":1652,"d":"$1,652.00"},0]
[171,"HOJA  SEGURIDAD CIRUGIA",null,null,"RESMA",2,null,2,{"v":1475,"d":"1,475.00 $"},null,2,{"v":2950,"d":"$2,950.00"},0]
[172,"HOJA DESIGNOGRAMA ENFERM",null,null,"TALONARIO",9,null,9,{"v":994,"d":"994.00 $"},null,9,{"v":8946,"d":"$8,946.00"},0]
[173,"HOJA KARDEX MED INTERNA  INSUMOS",null,null,"TALONARIO",9,null,9,{"v":994,"d":"994.00 $"},null,9,{"v":8946,"d":"$8,946.00"},0]
[174,"HOJA LEGAL 8 1/2*14 RESMA",null,null,"RESMA",3,null,3,{"v":348,"d":"348.00 $"},1,2,{"v":696,"d":"$696.00"},{"v":348,"d":"$348.00"}]
[175,"HOJA ORDEN MEDICA",null,null,"TALONARIO",27,null,27,{"v":800,"d":"800.00 $"},null,27,{"v":21600,"d":"$21,600.00"},0]
[176,"HOJA  HISTORIAL OPERATORIO",null,null,"TALONARIO",5,null,5,{"v":1299,"d":"1,299.00 $"},null,5,{"v":6495,"d":"$6,495.00"},0]
[177,"HOJA SIGNOS VITALES ",null,null,"TALONARIO",10,null,10,{"v":1200,"d":"1,200.00 $"},null,10,{"v":12000,"d":"$12,000.00"},0]
[178,"HOJA GRAFICA DE TEMPERATURA",null,null,"RESMA",1,null,1,{"v":994,"d":"994.00 $"},null,1,{"v":994,"d":"$994.00"},0]
[179,"HOJAS TIMBRADA",null,null,"TALONARIO",7,null,7,{"v":1350,"d":"1,350.00 $"},null,7,{"v":9450,"d":"$9,450.00"},0]
[180,"HOJA DE CONFIRMACION DE CIRUGIA",null,null,"RESMA",1,null,1,{"v":1298,"d":"1,298.00 $"},null,1,{"v":1298,"d":"$1,298.00"},0]
[181,"LABELSP/FOLDER",null,null,"UNID",8,null,8,{"v":112.1,"d":"112.10 $"},null,8,{"v":896.8,"d":"$896.80"},0]
[182,"LAPIZ",null,null,"UNID",31,null,31,{"v":10,"d":"10.00 $"},null,31,{"v":310,"d":"$310.00"},0]
[183,"LIBRO BANCO VENTA SERVICIOS",null,null,"UNID",1,null,1,{"v":2360,"d":"2,360.00 $"},null,1,{"v":2360,"d":"$2,360.00"},0]
[184,"TALONARIO DE OXIGENO",null,null,"TALONARIO",8,null,8,{"v":200,"d":"200.00 $"},null,8,{"v":1600,"d":"$1,600.00"},0]
[185,"LIBRO DE EMERGENCIA",null,null,"UNID",1,null,1,{"v":1770,"d":"1,770.00 $"},null,1,{"v":1770,"d":"$1,770.00"},0]
[186,"LIBRO DE LABORATORIO PACIENTE",null,null,"UNID",0,null,0,{"v":1170,"d":"1,170.00 $"},null,0,0,0]
[187,"LIBRO DE CONTROL DE PARASITOLOGIA COPROLOGICO",null,null,"UNID",1,null,1,{"v":1170,"d":"1,170.00 $"},null,1,{"v":1170,"d":"$1,170.00"},0]
[188,"LIBRO DE PARTO Y NACIMIENTO",null,null,"UNID",3,null,3,{"v":1170,"d":"1,170.00 $"},null,3,{"v":3510,"d":"$3,510.00"},0]
[189,"LIBRO  DE CIRUGIA",null,null,"UNID",5,null,5,{"v":1770,"d":"1,770.00 $"},null,5,{"v":8850,"d":"$8,850.00"},0]
[190,"LIBRO DE CONS REGISTRO VIH",null,null,"UNID",0,null,0,{"v":1770,"d":"1,770.00 $"},null,0,0,0]
[191,"LIBRO DE SEROLOGIA",null,null,"UNID",2,null,2,{"v":2360,"d":"2,360.00 $"},null,2,{"v":4720,"d":"$4,720.00"},0]
[192,"LIBRO DE URIANALISIS",null,null,"UNID",1,null,1,{"v":2360,"d":"2,360.00 $"},null,1,{"v":2360,"d":"$2,360.00"},0]
[193,"LIBRO HEMATOLOGIA",null,null,"UNID",2,null,2,{"v":2000,"d":"2,000.00 $"},null,2,{"v":4000,"d":"$4,000.00"},0]
[194,"LIBRO QUIMICO",null,null,"UNID",1,null,1,{"v":2360,"d":"2,360.00 $"},null,1,{"v":2360,"d":"$2,360.00"},0]
[195,"LIBRO INTERNAMIENTO",null,null,"UNID",3,null,3,{"v":1770,"d":"1,770.00 $"},null,3,{"v":5310,"d":"$5,310.00"},0]
[196,"LIBRO DE RAYOS X",null,null,"UNID",2,null,2,{"v":1770,"d":"1,770.00 $"},null,2,{"v":3540,"d":"$3,540.00"},0]
[197,"LIBRO RECORD DE REGISTRO ADOLECENTE ",null,null,"UNID",0,null,0,{"v":1800,"d":"1,800.00 $"},null,0,0,0]
[198,"LIQUID PAPER T/L CORRECTOR",null,null,"UNID",1,null,1,{"v":30,"d":"30.00 $"},1,0,0,{"v":30,"d":"$30.00"}]
[199,"MARCADORES AZULES ",null,null,"UNID",27,null,27,{"v":30,"d":"30.00 $"},null,27,{"v":810,"d":"$810.00"},0]
[200,"MARCADORES NEGROS ",null,null,"UNID",30,null,30,{"v":30,"d":"30.00 $"},null,30,{"v":900,"d":"$900.00"},0]
[201,"MISTOLIN ",null,null,"GALON",21,null,21,{"v":104,"d":"104.00 $"},10,11,{"v":1144,"d":"$1,144.00"},{"v":1040,"d":"$1,040.00"}]
[202,"PAPEL CARBON 8 1/2*11",null,null,"UNID",25,null,25,{"v":325,"d":"325.00 $"},2,23,{"v":7475,"d":"$7,475.00"},{"v":650,"d":"$650.00"}]
[203,"PAPEL HIGIENICO FARDO 48/1 ",null,null,"UNID",128,null,128,{"v":22.6,"d":"22.60 $"},48,80,{"v":1808,"d":"$1,808.00"},{"v":1084.8000000000002,"d":"$1,084.80"}]
[204,"PAPEL MANILA NATURAL KRAF",null,null,"UNID",1,null,1,{"v":3916,"d":"3,916.00 $"},1,0,0,{"v":3916,"d":"$3,916.00"}]
[205,"PAPEL TOALLA 6/1",null,null,"UNID",12,null,12,{"v":95.38,"d":"95.38 $"},1,11,{"v":1049.1799999999998,"d":"$1,049.18"},{"v":95.38,"d":"$95.38"}]
[206,"PERFORADORA 2",null,null,"UNID",0,null,0,{"v":306.08,"d":"306.08 $"},null,0,0,0]
[207,"PERFORADORA 3 ",null,null,"UNID",1,null,1,{"v":631.3,"d":"631.30 $"},null,1,{"v":631.3,"d":"$631.30"},0]
[208,"PILA AAA PEQUEÑA",null,null,"UNID",28,null,28,{"v":54,"d":"54.00 $"},null,28,{"v":1512,"d":"$1,512.00"},0]
[209,"PILA AA",null,null,"UNID",32,null,32,{"v":53,"d":"53.00 $"},null,32,{"v":1696,"d":"$1,696.00"},0]
[210," PAPEL CON DIVISION 200/1 OPTION",null,null,"CAJA",1,null,1,{"v":1085,"d":"1,085.00 $"},1,0,0,{"v":1085,"d":"$1,085.00"}]
[211,"PLATOS",null,null,"FARDO",6,null,6,{"v":1291,"d":"1,291.00 $"},2,4,{"v":5164,"d":"$5,164.00"},{"v":2582,"d":"$2,582.00"}]
[212,"POS-IT 3*3",null,null,"RESMA",0,null,0,{"v":33.63,"d":"33.63 $"},null,0,0,0]
[213,"RECOJEDOR DE BASURA",null,null,"UNID",6,null,6,{"v":109.25,"d":"109.25 $"},null,6,{"v":655.5,"d":"$655.50"},0]
[214,"RESALTADOR ",null,null,"UNID",12,null,12,{"v":39,"d":"39.00 $"},null,12,{"v":468,"d":"$468.00"},0]
[215,"RESMA DE CONTROL DE EXISTENCIA",null,null,"RESMA",3,null,3,{"v":1298,"d":"1,298.00 $"},null,3,{"v":3894,"d":"$3,894.00"},0]
[216,"RESMA HOJA DE MAQUINA 8/2 *11",null,null,"RESMA",73,null,73,{"v":228,"d":"228.00 $"},17,56,{"v":12768,"d":"$12,768.00"},{"v":3876,"d":"$3,876.00"}]
[217,"ROLLO DE PAPEL SUMADORA",null,null,"UNID",16,null,16,{"v":23,"d":"23.00 $"},4,12,{"v":276,"d":"$276.00"},{"v":92,"d":"$92.00"}]
[218,"ROTULO PARA SOLUCION Y MEDICAMENTOS",null,null,"UNID",850,null,850,{"v":6.5,"d":"6.50 $"},null,850,{"v":5525,"d":"$5,525.00"},0]
[219,"SACA GRAPA",null,null,"UNID",3,null,3,{"v":30,"d":"30.00 $"},null,3,{"v":90,"d":"$90.00"},0]
[220,"SACAPUNTA METAL ",null,null,"UNID",20,null,20,{"v":15,"d":"15.00 $"},null,20,{"v":300,"d":"$300.00"},0]
[221,"SACO DE DETERGENTE",null,null,"UNID",2,null,2,{"v":1100,"d":"1,100.00 $"},null,2,{"v":2200,"d":"$2,200.00"},0]
[222,"SERVILLETA C-FOLD 24/100 XCELENT",null,null,"UNID",102,null,102,{"v":24.5,"d":"24.50 $"},null,102,{"v":2499,"d":"$2,499.00"},0]
[223,"SERVILLETAS DE BINGO 60/1",null,null,"UNID",316,null,316,{"v":11.5,"d":"11.50 $"},30,286,{"v":3289,"d":"$3,289.00"},{"v":345,"d":"$345.00"}]
[224,"SOBRE CARTA VENTANILLA",null,null,"UNID",900,null,900,{"v":1.85,"d":"1.85 $"},null,900,{"v":1665,"d":"$1,665.00"},0]
[225,"SOBRE MANILA 9*12 500 UNID",null,null,"UNID",390,null,390,{"v":13.85,"d":"13.85 $"},null,390,{"v":5401.5,"d":"$5,401.50"},0]
[226,"SOBRE MANILA 14*17 1000 UNIDAD",null,null,"UNID",910,null,910,{"v":13.85,"d":"13.85 $"},null,910,{"v":12603.5,"d":"$12,603.50"},0]
[227,"SOBRE MANILA 10*14 DE 500 UNID",null,null,"UNID",250,null,250,{"v":7.1,"d":"7.10 $"},null,250,{"v":1775,"d":"$1,775.00"},0]
[228,"SOBRE TIMBRADO",null,null,"UNID",285,null,285,{"v":13,"d":"13.00 $"},null,285,{"v":3705,"d":"$3,705.00"},0]
[229,"SUAPER JUMBO",null,null,"GALON",3,null,3,{"v":175,"d":"175.00 $"},2,1,{"v":175,"d":"$175.00"},{"v":350,"d":"$350.00"}]
[230,"SUAVITEL",null,null,"GALON",1,null,{"$f":"F143+G143","v":1},{"v":148.31,"d":"148.31 $"},1,{"$f":"H143-J143","v":0},{"$f":"I143*K143","v":0},{"$f":"I143*J143","v":{"v":148.31,"d":"$148.31"}}]
[231,"TALONARIO DE PATOLOGIA",null,null,"TALONARIO",25,null,25,{"v":70.8,"d":"70.80 $"},null,25,{"v":1770,"d":"$1,770.00"},0]
[232,"TALONARIO HISTORIAL CLINICO EMERGENCIA",null,null,"TALONARIO",0,60,60,{"v":275,"d":"275.00 $"},null,60,{"v":16500,"d":"$16,500.00"},0]
[233,"TALONARIO ORDEN MEDICA",null,null,"TALONARIO",25,null,25,{"v":275,"d":"275.00 $"},null,25,{"v":6875,"d":"$6,875.00"},0]
[234,"TALONARIO COPROLOGICO",null,null,"TALONARIO",96,null,96,{"v":88.35,"d":"88.35 $"},null,96,{"v":8481.599999999999,"d":"$8,481.60"},0]
[235,"TALALONARIO HEMOTOLOGIA",null,null,"TALONARIO",49,null,49,{"v":88.35,"d":"88.35 $"},null,49,{"v":4329.15,"d":"$4,329.15"},0]
[236,"TALONARIO CONFIMACION DE  QUIRURGICA ",null,null,"TALONARIO",5,null,5,{"v":185,"d":"185.00 $"},null,5,{"v":925,"d":"$925.00"},0]
[237,"TALONARIO LABORATORIO CLINICO",null,null,"TALONARIO",37,null,37,{"v":37,"d":"37.00 $"},25,12,{"v":444,"d":"$444.00"},{"v":925,"d":"$925.00"}]
[238,"TALONARIO PARTOGRAMA POSPARTO",null,null,"TALONARIO",9,null,9,{"v":185,"d":"185.00 $"},null,9,{"v":1665,"d":"$1,665.00"},0]
[239,"TALONARIO HISTORIAL OPERATORIO",null,null,"RESMA",1,null,1,{"v":185,"d":"185.00 $"},null,1,{"v":185,"d":"$185.00"},0]
[240,"TALONARIO URIANALISIS",null,null,"TALONARIO",108,null,108,{"v":53.1,"d":"53.10 $"},null,108,{"v":5734.8,"d":"$5,734.80"},0]
[241,"TALONARIO REQUISICION DE FARMACIA",null,null,"TALONARIO",6,null,6,{"v":413,"d":"413.00 $"},null,6,{"v":2478,"d":"$2,478.00"},0]
[242,"TALONARIO CUIDADO DE ENFERERIA VIH MEDIA",null,null,"TALONARIO",8,null,8,{"v":275,"d":"275.00 $"},null,8,{"v":2200,"d":"$2,200.00"},0]
[243,"TALONARIO CONCENTIMIENTO INFORMADO LARGO",null,null,"TALONARIO",3,null,3,{"v":756,"d":"756.00 $"},null,3,{"v":2268,"d":"$2,268.00"},0]
[244,"TALONARIO DE CLASIFICACION",null,null,"TALONARIO",30,null,30,{"v":756,"d":"756.00 $"},null,30,{"v":22680,"d":"$22,680.00"},0]
[245,"TALONARIO DE CONTROL TEMPERATURA",null,null,"TALONARIO",15,null,15,{"v":294,"d":"294.00 $"},null,15,{"v":4410,"d":"$4,410.00"},0]
[246,"TALONARIO DE CUOTA DE CONTRIBUCION",null,null,"TALONARIO",10,null,10,{"v":185,"d":"185.00 $"},null,10,{"v":1850,"d":"$1,850.00"},0]
[247,"TALONARIO PROTOCOLO ATENCION AL PARTO",null,null,"TALONARIO",8,null,8,{"v":185,"d":"185.00 $"},null,8,{"v":1480,"d":"$1,480.00"},0]
[248,"TALONARIO HOJA DE KARDEX INSUMO",null,null,"TALONARIO",9,null,9,{"v":994,"d":"994.00 $"},null,9,{"v":8946,"d":"$8,946.00"},0]
[249,"TALONARIO SOLICITUD DE ALMACEN",null,null,"TALONARIO",6,null,6,{"v":224,"d":"224.00 $"},null,6,{"v":1344,"d":"$1,344.00"},0]
[250,"TALONARIO SALIDA ALMACEN",null,null,"TALONARIO",24,null,24,{"v":275,"d":"275.00 $"},null,24,{"v":6600,"d":"$6,600.00"},0]
[251,"TAPA DE VASOS #12 CLEA  10/100",null,null,"UNID",0,null,0,{"v":224,"d":"224.00 $"},null,0,0,0]
[252,"TARJETA DE CITA",null,null,"UNID",730,null,730,{"v":2.75,"d":"2.75 $"},null,730,{"v":2007.5,"d":"$2,007.50"},0]
[253,"TARJETA DE EXPEDIENTE ",null,null,"UNID",1600,null,1600,{"v":4.5,"d":"4.50 $"},null,1600,{"v":7200,"d":"$7,200.00"},0]
[254,"TALONARIO RECETARIO NORMAL",null,null,"TALONARIO",926,null,926,{"v":53.65,"d":"53.65 $"},10,916,{"v":49143.4,"d":"$49,143.40"},{"v":536.5,"d":"$536.50"}]
[255,"TIJERAS",null,null,"UNID",1,null,1,{"v":62.54,"d":"62.54 $"},1,0,0,{"v":62.54,"d":"$62.54"}]
[256,"TINTA PARA SELLO AZUL",null,null,"UNID",8,null,8,{"v":106,"d":"106.00 $"},null,8,{"v":848,"d":"$848.00"},0]
[257,"TOALLA MICROFIBRA16´´ *16´´",null,null,"PAQU",9,null,9,{"v":49.56,"d":"49.56 $"},null,9,{"v":446.04,"d":"$446.04"},0]
[258,"ENVASES PLASTICOS 4 OZ",null,null,"UNID",0,null,0,{"v":147,"d":"147.00 $"},null,0,0,0]
[259,"TAPAS PLASTICAS 4 OZ",null,null,"PAQU",0,null,0,{"v":137,"d":"137.00 $"},null,0,0,0]
[260,"VASO 12 CAJA 40/25 FOAM",null,null,"PAQU",130,null,130,{"v":53.2,"d":"53.20 $"},13,117,{"v":6224.400000000001,"d":"$6,224.40"},{"v":691.6,"d":"$691.60"}]
[261,"VASO # 5",null,null,"PAQU",109,null,109,{"v":55,"d":"55.00 $"},3,106,{"v":5830,"d":"$5,830.00"},{"v":165,"d":"$165.00"}]
[262,"VASOS #7",null,null,"PAQU",40,null,40,{"v":38.94,"d":"38.94 $"},32,8,{"v":311.52,"d":"$311.52"},{"v":1246.08,"d":"$1,246.08"}]
[{"$nulls":11},{"$f":"SUM(L14:L175)","v":{"v":614862.9500000001,"d":"$614,862.95"}}]
[{"$nulls":9},"TOTAL DE CONSUMO",null,{"$f":"SUM(M14:M176)","v":{"v":38573.45,"d":"$38,573.45"}}]

{"sheet":"DICIEMBRE","index":2,"n_rows":173,"n_cols":13,"rows_kept":173,"merged":[[7,0,7,3],[8,1,8,3],[68,1,68,2],[77,1,77,2],[105,1,105,3],[136,1,136,3],[137,1,137,3],[138,1,138,3],[147,1,147,3],[148,1,148,3],[152,1,152,3],[160,1,160,3],[161,1,161,3],[163,1,163,3],[164,1,164,3],[169,1,169,3],[170,1,170,3],[171,9,171,10],[172,9,172,10]]}
[]
[{"$nulls":4}," "]
[]
[]
[]
[]
[{"$nulls":10},"2025-12-31"]
["INVENTARIO DE ALMACEN "]
["CODIGO","DESCRIPCION DEL PRODUCTO",null,null,"UNIDAD MEDIDA","CANTIDAD","ENTRADA","TOTAL","PRECIO","SALIDA DE USO MENSUAL","CANTIDAD ACTIVA EN ALMACEN","VALOR TOTAL ACTIVO","VALORDE TOTAL CONSUMO"]
[101,"ACORDEON 10*12 CARTON PIEDRA",null,null,"UNID ",4,null,{"$f":"F10+G10","v":4},{"v":744,"d":"744.00 $"},4,{"$f":"H10-J10","v":0},{"$f":"I10*K10","v":0},{"$f":"I10*J10","v":{"v":2976,"d":"$2,976.00"}}]
[102,"AMBIENTADOR SPRAY",null,null,"UNID ",8,24,{"$f":"F11+G11","v":32},{"v":192,"d":"192.00 $"},8,{"$f":"H11-J11","v":24},{"$f":"I11*K11","v":{"v":4608,"d":"$4,608.00"}},{"$f":"I11*J11","v":{"v":1536,"d":"$1,536.00"}}]
[103,"AGUA BOTELLITAS",null,null,"UNID ",160,400,560,{"v":6.5,"d":"6.50 $"},220,340,{"v":2210,"d":"$2,210.00"},{"v":1430,"d":"$1,430.00"}]
[104,"AXION EN PASTA",null,null,"UNID ",4,18,22,{"v":116,"d":"116.00 $"},14,8,{"v":928,"d":"$928.00"},{"v":1624,"d":"$1,624.00"}]
[105,"BAYGON 400ML",null,null,"UNID ",0,12,12,{"v":349,"d":"349.00 $"},null,12,{"v":4188,"d":"$4,188.00"},0]
[106,"BOLIGRAFOS AZULES",null,null,"UNID ",79,72,151,{"v":10,"d":"10.00 $"},41,110,{"v":1100,"d":"$1,100.00"},{"v":410,"d":"$410.00"}]
[107,"BOLIGRAFOS NEGROS",null,null,"UNID ",36,null,36,{"v":7,"d":"7.00 $"},null,36,{"v":252,"d":"$252.00"},0]
[108,"BOLIGRAFOS ROJOS",null,null,"UNID ",90,null,90,{"v":7,"d":"7.00 $"},null,90,{"v":630,"d":"$630.00"},0]
[109,"BOLIGRAFOS VERDES",null,null,"UNID ",8,null,8,{"v":10,"d":"10.00 $"},1,7,{"v":70,"d":"$70.00"},{"v":10,"d":"$10.00"}]
[110,"BORRANTE DE LECHE ",null,null,"UNID ",8,null,8,{"v":8,"d":"8.00 $"},1,7,{"v":56,"d":"$56.00"},{"v":8,"d":"$8.00"}]
[111,"BRILLO GRUESO 12/1 ROMANO",null,null,"UNID ",27,null,27,{"v":69.6,"d":"69.60 $"},11,16,{"v":1113.6,"d":"$1,113.60"},{"v":765.5999999999999,"d":"$765.60"}]
[112,"BRILLO GRIS",null,null,"UNID ",11,null,11,{"v":69.6,"d":"69.60 $"},2,9,{"v":626.4,"d":"$626.40"},{"v":139.2,"d":"$139.20"}]
[113,"BRILLO VERDE Y ESPONJA",null,null,"UNID ",6,24,30,{"v":57.8,"d":"57.80 $"},4,26,{"v":1502.8,"d":"$1,502.80"},{"v":231.2,"d":"$231.20"}]
[114,"CAJA PLASTICAS DE 27 GL NEGRA",null,null,"UNID",9,null,9,{"v":1350,"d":"1,350.00 $"},null,9,{"v":12150,"d":"$12,150.00"},0]
[115,"CAJITA DE GRAPAS ESTÁNDAR 26/6",null,null,"UNID",10,24,34,{"v":47.17,"d":"47.17 $"},5,29,{"v":1367.93,"d":"$1,367.93"},{"v":235.85000000000002,"d":"$235.85"}]
[116,"CALCULADORA",null,null,"UNID",3,null,3,{"v":359.9,"d":"359.90 $"},null,3,{"v":1079.6999999999998,"d":"$1,079.70"},0]
[117,"CARPETA NEGRA  #1",null,null,"UNID",4,null,4,{"v":469,"d":"469.00 $"},null,{"$f":"H26-J26","v":4},{"v":1876,"d":"$1,876.00"},0]
[118,"CARPETA NEGRA # 2",null,null,"UNID",2,null,2,{"v":178.2,"d":"178.20 $"},null,2,{"v":356.4,"d":"$356.40"},0]
[119,"CARPETAS  # 3",null,null,"UNID",2,null,2,{"v":147.5,"d":"147.50 $"},null,2,{"v":295,"d":"$295.00"},0]
[120,"CHINCHETAS",null,null,"CAJAS",4,null,4,{"v":84.75,"d":"84.75 $"},null,4,{"v":339,"d":"$339.00"},0]
[121,"CEPILLO DE INODORO",null,null,"UNID",5,null,5,{"v":159.3,"d":"159.30 $"},null,5,{"v":796.5,"d":"$796.50"},0]
[122,"CERA PARA CONTAR",null,null,"UNID",9,null,9,{"v":60,"d":"60.00 $"},null,9,{"v":540,"d":"$540.00"},0]
[123,"CINTA MASKING TAPE 3/4 VISIBLE",null,null,"UNID",33,null,33,{"v":75,"d":"75.00 $"},null,33,{"v":2475,"d":"$2,475.00"},0]
[124,"CINTA DE EMPAQUE ",null,null,"UNID",3,12,15,{"v":47.2,"d":"47.20 $"},3,12,{"v":566.4000000000001,"d":"$566.40"},{"v":141.60000000000002,"d":"$141.60"}]
[125,"CINTA MAGICA SUMADORA",null,null,"UNID",2,null,2,{"v":76.7,"d":"76.70 $"},null,2,{"v":153.4,"d":"$153.40"},0]
[126," CLIPS JUMBO",null,null,"UNID",29,10,39,{"v":38,"d":"38.00 $"},3,36,{"v":1368,"d":"$1,368.00"},{"v":114,"d":"$114.00"}]
[127,"CINTA MASKING TAPE CREMA",null,null,"UNID",2,24,26,{"v":46,"d":"46.00 $"},18,8,{"v":368,"d":"$368.00"},{"v":828,"d":"$828.00"}]
[128,"CUBO PLATICOS DE AGUJA DESECHABLES",null,null,"UNID",0,41,41,{"v":50,"d":"50.00 $"},3,38,{"v":1900,"d":"$1,900.00"},{"v":150,"d":"$150.00"}]
[129,"CLIPS BILLETERO 32 MM 12/1",null,null,"UNID",36,null,36,{"v":123.9,"d":"123.90 $"},4,32,{"v":3964.8,"d":"$3,964.80"},{"v":495.6,"d":"$495.60"}]
[130,"CLIPS BILLETERO 41 MM 12/1",null,null,"UNID",27,null,27,{"v":171.1,"d":"171.10 $"},4,23,{"v":3935.2999999999997,"d":"$3,935.30"},{"v":684.4,"d":"$684.40"}]
[131,"CLIPS BILLETERO 51 MM 12/1",null,null,"UNID",22,null,22,{"v":230.1,"d":"230.10 $"},null,22,{"v":5062.2,"d":"$5,062.20"},0]
[132,"CLORO",null,null,"GALON",34,35,69,{"v":91.53,"d":"91.53 $"},37,32,{"v":2928.96,"d":"$2,928.96"},{"v":3386.61,"d":"$3,386.61"}]
[133,"CONTROL DE LIQUIDO(ENFERMERIA)",null,null,"TALONARIO",11,null,11,{"v":1200,"d":"1,200.00 $"},null,11,{"v":13200,"d":"$13,200.00"},0]
[134,"CUADERNOS COCIDOS",null,null,"UNID",11,24,35,{"v":53,"d":"53.00 $"},4,31,{"v":1643,"d":"$1,643.00"},{"v":212,"d":"$212.00"}]
[135,"CUCHARA 25/1",null,null,"CAJA",1,3,4,{"v":631.3,"d":"631.30 $"},3,1,{"v":631.3,"d":"$631.30"},{"v":1893.8999999999999,"d":"$1,893.90"}]
[136,"ESCOBA C/PALO",null,null,"UNID",9,6,15,{"v":133,"d":"133.00 $"},2,13,{"v":1729,"d":"$1,729.00"},{"v":266,"d":"$266.00"}]
[138," FOLDER AMARILLO OFICINA",null,null,"UNID",560,null,{"$f":"F46+G46","v":560},{"v":2.33,"d":"2.33 $"},null,560,{"v":1304.8,"d":"$1,304.80"},0]
[138," FOLDER VERDE 8 1/2 X 11",null,null,"UNID",247,200,447,{"v":4.95,"d":"4.95 $"},15,432,{"v":2138.4,"d":"$2,138.40"},{"v":74.25,"d":"$74.25"}]
[139," FUNDA NEGRA 17 x22 GL PEQUEÑA",null,null,"PAQ",39,null,39,{"v":72,"d":"72.00 $"},14,25,{"v":1800,"d":"$1,800.00"},{"v":1008,"d":"$1,008.00"}]
[140,"FUNDA  NEGRA #6",null,null,"PAQ",29,null,29,{"v":36.58,"d":"36.58 $"},1,28,{"v":1024.24,"d":"$1,024.24"},{"v":36.58,"d":"$36.58"}]
[141,"FUNDA  ROJA #2",null,null,"PAQ",25,null,25,{"v":20,"d":"20.00 $"},null,25,{"v":500,"d":"$500.00"},0]
[142,"FUNDA AZULES #4",null,null,"PAQ",35,null,35,{"v":26,"d":"26.00 $"},1,34,{"v":884,"d":"$884.00"},{"v":26,"d":"$26.00"}]
[143,"FUNDA NEGRA  MEDIANA 30 GL",null,null,"PAQ",18,30,48,{"v":1080,"d":"1,080.00 $"},28,20,{"v":21600,"d":"$21,600.00"},{"v":30240,"d":"$30,240.00"}]
[144,"FUNDA NEGRA GRANDE 55 GL",null,null,"PAQ",2,10,12,{"v":616,"d":"616.00 $"},5,7,{"v":4312,"d":"$4,312.00"},{"v":3080,"d":"$3,080.00"}]
[145,"FUNDA ROJA  PEQUENAS 17 GL",null,null,"PAQ",4,null,4,{"v":240,"d":"240.00 $"},3,1,{"v":240,"d":"$240.00"},{"v":720,"d":"$720.00"}]
[146,"FUNDA ROJA GRANDE 55 gl",null,null,"UNID",3,null,3,{"v":1030.1,"d":"1,030.10 $"},null,3,{"v":3090.2999999999997,"d":"$3,090.30"},0]
[147,"FUNDA ROJA MEDIANA 30 GL",null,null,"PAQ",6,25,31,{"v":450.36,"d":"450.36 $"},8,23,{"v":10358.28,"d":"$10,358.28"},{"v":3602.88,"d":"$3,602.88"}]
[148,"GALON JABON LIQUIDO DE MANO",null,null,"GALON",4,null,4,{"v":171.1,"d":"171.10 $"},1,3,{"v":513.3,"d":"$513.30"},{"v":171.1,"d":"$171.10"}]
[149,"GANCHOS P/FOLDER MH",null,null,"CAJA",7,null,7,{"v":141.6,"d":"141.60 $"},1,6,{"v":849.5999999999999,"d":"$849.60"},{"v":141.6,"d":"$141.60"}]
[150,"GALON JABON DE CUABA",null,null,"GALON",4,5,9,{"v":165.25,"d":"165.25 $"},4,5,{"v":826.25,"d":"$826.25"},{"v":661,"d":"$661.00"}]
[151,"GOMITAS",null,null,"CAJA",24,null,24,{"v":45,"d":"45.00 $"},6,18,{"v":810,"d":"$810.00"},{"v":270,"d":"$270.00"}]
[152,"GRAPADORA NEGRA",null,null,"CAJA",5,null,5,{"v":320,"d":"320.00 $"},null,5,{"v":1600,"d":"$1,600.00"},0]
[153,"GUANTES MULTIUSOS",null,null,"UNID",4,12,16,{"v":666.36,"d":"666.36 $"},null,16,{"v":10661.76,"d":"$10,661.76"},0]
[154,"HISTORIA CLINICA PERINATAL",null,null,"TALONARIO",7,null,7,{"v":1298,"d":"1,298.00 $"},null,7,{"v":9086,"d":"$9,086.00"},0]
[155," HOJA DE ANOTACION ENFERMERIA",null,null,"RESMA",4,null,4,{"v":826,"d":"826.00 $"},4,0,0,{"v":3304,"d":"$3,304.00"}]
[156,"HOJA DE ADMICION ",null,null,"RESMA",5,null,5,{"v":165,"d":"165.00 $"},null,5,{"v":825,"d":"$825.00"},0]
[157,"HOJA DE ATENCION DIARIA",null,null,"TALONARIO",3,null,3,{"v":994,"d":"994.00 $"},null,3,{"v":2982,"d":"$2,982.00"},0]
[158,"HOJA DE CERTIFICACION",null,null,"RESMA",2,null,2,{"v":1475,"d":"1,475.00 $"},null,2,{"v":2950,"d":"$2,950.00"},0]
[159,"HOJA DE CONSULTA EXTERNA ",null,null,"TALONARIO",15,null,15,{"v":994,"d":"994.00 $"},5,10,{"v":9940,"d":"$9,940.00"},{"v":4970,"d":"$4,970.00"}]
[160,"HOJA PACIENTE  DIETA",null,null,"TALONARIO",18,null,18,{"v":800,"d":"800.00 $"},12,6,{"v":4800,"d":"$4,800.00"},{"v":9600,"d":"$9,600.00"}]
[161,"HOJA DE DIRECCION CUIDADO DE ENFERMERIA",null,null,"TALONARIO",32,null,32,{"v":994,"d":"994.00 $"},2,30,{"v":29820,"d":"$29,820.00"},{"v":1988,"d":"$1,988.00"}]
[162,"HOJA DE ENFER EN AREA EMERGENCIA FO63",null,null,"TALONARIO",17,null,17,{"v":994,"d":"994.00 $"},1,16,{"v":15904,"d":"$15,904.00"},{"v":994,"d":"$994.00"}]
[163,"HOJA DE ENFERMERIA",null,null,"TALONARIO",38,null,38,{"v":1298,"d":"1,298.00 $"},20,18,{"v":23364,"d":"$23,364.00"},{"v":25960,"d":"$25,960.00"}]
[164,"HOJA DE EVOLUCION ",null,null,"TALONARIO",5,null,5,{"v":294,"d":"294.00 $"},1,4,{"v":1176,"d":"$1,176.00"},{"v":294,"d":"$294.00"}]
[165,"HOJA DE ANESTESIA",null,null,"TALONARIO",12,null,12,{"v":185,"d":"185.00 $"},null,12,{"v":2220,"d":"$2,220.00"},0]
[166,"HOJA DE HISTORIAL CLINICO",null,null,"TALONARIO",41,null,{"$f":"F75+G75","v":41},{"v":195,"d":"195.00 $"},null,{"$f":"H75-J75","v":41},{"$f":"I75*K75","v":{"v":7995,"d":"$7,995.00"}},{"$f":"I75*J75","v":0}]
[167,"HOJA D KARDEX D MEDICAMENTO SOLUCIONES",null,null,"TALONARIO",15,null,15,{"v":1298,"d":"1,298.00 $"},null,15,{"v":19470,"d":"$19,470.00"},0]
[168,"HOJA DE REFERENCIA Y CONTRA REFERENCIA",null,null,"TALONARIO",11,null,11,{"v":826,"d":"826.00 $"},null,11,{"v":9086,"d":"$9,086.00"},0]
[169,"HOJA DE GLICEMIA",null,null,"TALONARIO",5,null,5,{"v":350,"d":"350.00 $"},null,5,{"v":1750,"d":"$1,750.00"},0]
[170,"HOJA  RESUMEN MEDICO DE EGRESO",null,null,"RESMA",2,null,2,{"v":826,"d":"826.00 $"},null,2,{"v":1652,"d":"$1,652.00"},0]
[171,"HOJA  SEGURIDAD CIRUGIA",null,null,"RESMA",2,null,2,{"v":1475,"d":"1,475.00 $"},null,2,{"v":2950,"d":"$2,950.00"},0]
[172,"HOJA DESIGNOGRAMA ENFERM",null,null,"TALONARIO",9,null,9,{"v":994,"d":"994.00 $"},2,7,{"v":6958,"d":"$6,958.00"},{"v":1988,"d":"$1,988.00"}]
[173,"HOJA KARDEX MED INTERNA  INSUMOS",null,null,"TALONARIO",9,null,9,{"v":994,"d":"994.00 $"},2,7,{"v":6958,"d":"$6,958.00"},{"v":1988,"d":"$1,988.00"}]
[174,"HOJA LEGAL 8 1/2*14 RESMA",null,null,"RESMA",4,null,4,{"v":348,"d":"348.00 $"},3,1,{"v":348,"d":"$348.00"},{"v":1044,"d":"$1,044.00"}]
[175,"HOJA ORDEN MEDICA",null,null,"TALONARIO",27,null,27,{"v":800,"d":"800.00 $"},10,17,{"v":13600,"d":"$13,600.00"},{"v":8000,"d":"$8,000.00"}]
[176,"HOJA  HISTORIAL OPERATORIO",null,null,"TALONARIO",5,null,5,{"v":1299,"d":"1,299.00 $"},1,4,{"v":5196,"d":"$5,196.00"},{"v":1299,"d":"$1,299.00"}]
[177,"HOJA SIGNOS VITALES ",null,null,"TALONARIO",10,null,10,{"v":1200,"d":"1,200.00 $"},null,10,{"v":12000,"d":"$12,000.00"},0]
[178,"HOJA GRAFICA DE TEMPERATURA",null,null,"RESMA",1,null,1,{"v":994,"d":"994.00 $"},null,1,{"v":994,"d":"$994.00"},0]
[179,"HOJAS TIMBRADA",null,null,"TALONARIO",6,null,6,{"v":1350,"d":"1,350.00 $"},2,4,{"v":5400,"d":"$5,400.00"},{"v":2700,"d":"$2,700.00"}]
[180,"HOJA DE CONFIRMACION DE CIRUGIA",null,null,"RESMA",1,null,1,{"v":1298,"d":"1,298.00 $"},null,1,{"v":1298,"d":"$1,298.00"},0]
[181,"LABELSP/FOLDER",null,null,"UNID",8,null,8,{"v":112.1,"d":"112.10 $"},null,8,{"v":896.8,"d":"$896.80"},0]
[182,"LAPIZ",null,null,"UNID",31,null,31,{"v":10,"d":"10.00 $"},1,30,{"v":300,"d":"$300.00"},{"v":10,"d":"$10.00"}]
[183,"LIBRO BANCO VENTA SERVICIOS",null,null,"UNID",1,null,1,{"v":2360,"d":"2,360.00 $"},null,1,{"v":2360,"d":"$2,360.00"},0]
[184,"TALONARIO DE OXIGENO",null,null,"TALONARIO",8,null,8,{"v":200,"d":"200.00 $"},2,6,{"v":1200,"d":"$1,200.00"},{"v":400,"d":"$400.00"}]
[185,"LIBRO DE EMERGENCIA",null,null,"UNID",4,null,4,{"v":1770,"d":"1,770.00 $"},null,4,{"v":7080,"d":"$7,080.00"},0]
[186,"LIBRO DE LABORATORIO PACIENTE",null,null,"UNID",3,null,3,{"v":1170,"d":"1,170.00 $"},null,3,{"v":3510,"d":"$3,510.00"},0]
[187,"LIBRO DE CONTROL DE PARASITOLOGIA COPROLOGICO",null,null,"UNID",1,null,1,{"v":1170,"d":"1,170.00 $"},null,1,{"v":1170,"d":"$1,170.00"},0]
[188,"LIBRO DE PARTO Y NACIMIENTO",null,null,"UNID",3,null,3,{"v":1170,"d":"1,170.00 $"},null,3,{"v":3510,"d":"$3,510.00"},0]
[189,"LIBRO  DE CIRUGIA",null,null,"UNID",5,null,5,{"v":1770,"d":"1,770.00 $"},null,5,{"v":8850,"d":"$8,850.00"},0]
[190,"LIBRO DE CONS REGISTRO VIH",null,null,"UNID",3,null,3,{"v":1770,"d":"1,770.00 $"},1,2,{"v":3540,"d":"$3,540.00"},{"v":1770,"d":"$1,770.00"}]
[191,"LIBRO DE SEROLOGIA",null,null,"UNID",2,null,2,{"v":2360,"d":"2,360.00 $"},null,2,{"v":4720,"d":"$4,720.00"},0]
[192,"LIBRO DE URIANALISIS",null,null,"UNID",1,null,1,{"v":2360,"d":"2,360.00 $"},null,1,{"v":2360,"d":"$2,360.00"},0]
[193,"LIBRO HEMATOLOGIA",null,null,"UNID",2,null,2,{"v":2000,"d":"2,000.00 $"},null,2,{"v":4000,"d":"$4,000.00"},0]
[194,"LIBRO QUIMICO",null,null,"UNID",1,null,1,{"v":2360,"d":"2,360.00 $"},null,1,{"v":2360,"d":"$2,360.00"},0]
[195,"LIBRO INTERNAMIENTO",null,null,"UNID",3,null,3,{"v":1770,"d":"1,770.00 $"},null,3,{"v":5310,"d":"$5,310.00"},0]
[196,"LIBRO DE RAYOS X",null,null,"UNID",2,null,2,{"v":1770,"d":"1,770.00 $"},null,2,{"v":3540,"d":"$3,540.00"},0]
[197,"LIBRO RECORD DE REGISTRO ADOLECENTE ",null,null,"UNID",0,null,0,{"v":1800,"d":"1,800.00 $"},null,0,0,0]
[198,"LIQUID PAPER T/L CORRECTOR",null,null,"UNID",11,null,11,{"v":30,"d":"30.00 $"},3,8,{"v":240,"d":"$240.00"},{"v":90,"d":"$90.00"}]
[199,"MARCADORES AZULES ",null,null,"UNID",27,null,27,{"v":30,"d":"30.00 $"},4,23,{"v":690,"d":"$690.00"},{"v":120,"d":"$120.00"}]
[200,"MARCADORES NEGROS ",null,null,"UNID",28,null,28,{"v":30,"d":"30.00 $"},3,25,{"v":750,"d":"$750.00"},{"v":90,"d":"$90.00"}]
[201,"MISTOLIN ",null,null,"GALON",25,40,65,{"v":104,"d":"104.00 $"},41,24,{"v":2496,"d":"$2,496.00"},{"v":4264,"d":"$4,264.00"}]
[202,"PAPEL CARBON 8 1/2*11",null,null,"UNID",23,null,23,{"v":325,"d":"325.00 $"},null,23,{"v":7475,"d":"$7,475.00"},0]
[203,"PAPEL HIGIENICO FARDO 48/1 ",null,null,"UNID",74,192,266,{"v":22.6,"d":"22.60 $"},194,72,{"v":1627.2,"d":"$1,627.20"},{"v":4384.400000000001,"d":"$4,384.40"}]
[204,"PAPEL MANILA NATURAL KRAF",null,null,"UNID",2,null,2,{"v":3916,"d":"3,916.00 $"},null,2,{"v":7832,"d":"$7,832.00"},0]
[205,"PAPEL TOALLA 6/1",null,null,"UNID",14,12,26,{"v":95.38,"d":"95.38 $"},13,13,{"v":1239.94,"d":"$1,239.94"},{"v":1239.94,"d":"$1,239.94"}]
[206,"PERFORADORA 2",null,null,"UNID",0,null,0,{"v":306.08,"d":"306.08 $"},null,0,0,0]
[207,"PERFORADORA 3 ",null,null,"UNID",1,null,1,{"v":631.3,"d":"631.30 $"},null,1,{"v":631.3,"d":"$631.30"},0]
[208,"PILA AAA PEQUEÑA",null,null,"UNID",25,null,25,{"v":54,"d":"54.00 $"},4,21,{"v":1134,"d":"$1,134.00"},{"v":216,"d":"$216.00"}]
[209,"PILA AA GRANDE",null,null,"UNID",32,null,32,{"v":53,"d":"53.00 $"},null,32,{"v":1696,"d":"$1,696.00"},0]
[210," PAPEL CON DIVISION 200/1 OPTION",null,null,"CAJA",2,1,3,{"v":1085,"d":"1,085.00 $"},2,1,{"v":1085,"d":"$1,085.00"},{"v":2170,"d":"$2,170.00"}]
[211,"PLATOS",null,null,"FARDO",4,12,16,{"v":1291,"d":"1,291.00 $"},10,6,{"v":7746,"d":"$7,746.00"},{"v":12910,"d":"$12,910.00"}]
[212,"POS-IT 3*3",null,null,"RESMA",0,null,0,{"v":33.63,"d":"33.63 $"},null,0,0,0]
[213,"RECOJEDOR DE BASURA",null,null,"UNID",6,null,6,{"v":109.25,"d":"109.25 $"},3,3,{"v":327.75,"d":"$327.75"},{"v":327.75,"d":"$327.75"}]
[214,"RESALTADOR ",null,null,"UNID",12,null,12,{"v":39,"d":"39.00 $"},null,12,{"v":468,"d":"$468.00"},0]
[215,"RESMA DE CONTROL DE EXISTENCIA",null,null,"RESMA",3,null,3,{"v":1298,"d":"1,298.00 $"},null,3,{"v":3894,"d":"$3,894.00"},0]
[216,"RESMA HOJA DE MAQUINA 8/2 *11",null,null,"RESMA",49,60,109,{"v":228,"d":"228.00 $"},67,42,{"v":9576,"d":"$9,576.00"},{"v":15276,"d":"$15,276.00"}]
[217,"ROLLO DE PAPEL SUMADORA",null,null,"UNID",12,null,12,{"v":23,"d":"23.00 $"},4,8,{"v":184,"d":"$184.00"},{"v":92,"d":"$92.00"}]
[218,"ROTULO PARA SOLUCION Y MEDICAMENTOS",null,null,"UNID",850,null,850,{"v":6.5,"d":"6.50 $"},100,750,{"v":4875,"d":"$4,875.00"},{"v":650,"d":"$650.00"}]
[219,"SACA GRAPA",null,null,"UNID",2,null,2,{"v":30,"d":"30.00 $"},1,1,{"v":30,"d":"$30.00"},{"v":30,"d":"$30.00"}]
[220,"SACAPUNTA METAL ",null,null,"UNID",20,null,20,{"v":15,"d":"15.00 $"},1,19,{"v":285,"d":"$285.00"},{"v":15,"d":"$15.00"}]
[221,"SACO DE DETERGENTE",null,null,"UNID",1,3,4,{"v":1100,"d":"1,100.00 $"},2,2,{"v":2200,"d":"$2,200.00"},{"v":2200,"d":"$2,200.00"}]
[222,"SERVILLETA C-FOLD 24/100 XCELENT",null,null,"UNID",57,48,105,{"v":24.5,"d":"24.50 $"},15,90,{"v":2205,"d":"$2,205.00"},{"v":367.5,"d":"$367.50"}]
[223,"SERVILLETAS DE BINGO 60/1",null,null,"UNID",209,120,329,{"v":11.5,"d":"11.50 $"},126,203,{"v":2334.5,"d":"$2,334.50"},{"v":1449,"d":"$1,449.00"}]
[224,"SOBRE CARTA VENTANILLA",null,null,"UNID",900,null,900,{"v":1.85,"d":"1.85 $"},50,850,{"v":1572.5,"d":"$1,572.50"},{"v":92.5,"d":"$92.50"}]
[225,"SOBRE MANILA 9*12 500 UNID",null,null,"UNID",380,null,380,{"v":13.85,"d":"13.85 $"},15,365,{"v":5055.25,"d":"$5,055.25"},{"v":207.75,"d":"$207.75"}]
[226,"SOBRE MANILA 14*17 1000 UNIDAD",null,null,"UNID",905,null,905,{"v":13.85,"d":"13.85 $"},120,785,{"v":10872.25,"d":"$10,872.25"},{"v":1662,"d":"$1,662.00"}]
[227,"SOBRE MANILA 10*14 DE 500 UNID",null,null,"UNID",235,null,235,{"v":7.1,"d":"7.10 $"},10,225,{"v":1597.5,"d":"$1,597.50"},{"v":71,"d":"$71.00"}]
[228,"SOBRE TIMBRADO",null,null,"UNID",285,null,285,{"v":13,"d":"13.00 $"},50,235,{"v":3055,"d":"$3,055.00"},{"v":650,"d":"$650.00"}]
[229,"SUAPER JUMBO",null,null,"GALON",13,6,19,{"v":175,"d":"175.00 $"},7,12,{"v":2100,"d":"$2,100.00"},{"v":1225,"d":"$1,225.00"}]
[230,"SUAVITEL",null,null,"GALON",5,12,{"$f":"F139+G139","v":17},{"v":148.31,"d":"148.31 $"},3,{"$f":"H139-J139","v":14},{"$f":"I139*K139","v":{"v":2076.34,"d":"$2,076.34"}},{"$f":"I139*J139","v":{"v":444.93,"d":"$444.93"}}]
[231,"TALONARIO DE PATOLOGIA",null,null,"TALONARIO",25,null,25,{"v":70.8,"d":"70.80 $"},null,25,{"v":1770,"d":"$1,770.00"},0]
[232,"TALONARIO HISTORIAL CLINICO EMERGENCIA",null,null,"TALONARIO",50,null,50,{"v":275,"d":"275.00 $"},5,45,{"v":12375,"d":"$12,375.00"},{"v":1375,"d":"$1,375.00"}]
[233,"TALONARIO ORDEN MEDICA",null,null,"TALONARIO",25,null,25,{"v":275,"d":"275.00 $"},5,20,{"v":5500,"d":"$5,500.00"},{"v":1375,"d":"$1,375.00"}]
[234,"TALONARIO COPROLOGICO",null,null,"TALONARIO",80,null,80,{"v":88.35,"d":"88.35 $"},17,63,{"v":5566.049999999999,"d":"$5,566.05"},{"v":1501.9499999999998,"d":"$1,501.95"}]
[235,"TALALONARIO HEMOTOLOGIA",null,null,"TALONARIO",34,null,34,{"v":88.35,"d":"88.35 $"},29,5,{"v":441.75,"d":"$441.75"},{"v":2562.1499999999996,"d":"$2,562.15"}]
[236,"TALONARIO CONFIMACION DE  QUIRURGICA ",null,null,"TALONARIO",5,null,5,{"v":185,"d":"185.00 $"},1,4,{"v":740,"d":"$740.00"},{"v":185,"d":"$185.00"}]
[237,"TALONARIO LABORATORIO CLINICO",null,null,"TALONARIO",1087,null,1087,{"v":37,"d":"37.00 $"},187,900,{"v":33300,"d":"$33,300.00"},{"v":6919,"d":"$6,919.00"}]
[238,"TALONARIO PARTOGRAMA POSPARTO",null,null,"TALONARIO",9,null,9,{"v":185,"d":"185.00 $"},null,9,{"v":1665,"d":"$1,665.00"},0]
[239,"TALONARIO HISTORIAL OPERATORIO",null,null,"RESMA",1,null,1,{"v":185,"d":"185.00 $"},null,1,{"v":185,"d":"$185.00"},0]
[240,"TALONARIO URIANALISIS",null,null,"TALONARIO",108,null,108,{"v":53.1,"d":"53.10 $"},44,64,{"v":3398.4,"d":"$3,398.40"},{"v":2336.4,"d":"$2,336.40"}]
[241,"TALONARIO REQUISICION DE FARMACIA",null,null,"TALONARIO",6,null,6,{"v":413,"d":"413.00 $"},null,6,{"v":2478,"d":"$2,478.00"},0]
[242,"TALONARIO CUIDADO DE ENFERERIA VIH MEDIA",null,null,"TALONARIO",8,null,8,{"v":275,"d":"275.00 $"},null,8,{"v":2200,"d":"$2,200.00"},0]
[243,"TALONARIO CONCENTIMIENTO INFORMADO LARGO",null,null,"TALONARIO",53,null,53,{"v":756,"d":"756.00 $"},null,53,{"v":40068,"d":"$40,068.00"},0]
[244,"TALONARIO DE CLASIFICACION",null,null,"TALONARIO",30,null,30,{"v":756,"d":"756.00 $"},null,30,{"v":22680,"d":"$22,680.00"},0]
[245,"TALONARIO DE CONTROL TEMPERATURA",null,null,"TALONARIO",15,null,15,{"v":294,"d":"294.00 $"},2,13,{"v":3822,"d":"$3,822.00"},{"v":588,"d":"$588.00"}]
[246,"TALONARIO DE CUOTA DE CONTRIBUCION",null,null,"TALONARIO",10,null,10,{"v":185,"d":"185.00 $"},null,10,{"v":1850,"d":"$1,850.00"},0]
[247,"TALONARIO PROTOCOLO ATENCION AL PARTO",null,null,"TALONARIO",8,null,8,{"v":185,"d":"185.00 $"},null,8,{"v":1480,"d":"$1,480.00"},0]
[248,"TALONARIO HOJA DE KARDEX INSUMO",null,null,"TALONARIO",9,null,9,{"v":994,"d":"994.00 $"},5,4,{"v":3976,"d":"$3,976.00"},{"v":4970,"d":"$4,970.00"}]
[249,"TALONARIO SOLICITUD DE ALMACEN",null,null,"TALONARIO",6,null,6,{"v":224,"d":"224.00 $"},2,4,{"v":896,"d":"$896.00"},{"v":448,"d":"$448.00"}]
[250,"TALONARIO SALIDA ALMACEN",null,null,"TALONARIO",24,null,24,{"v":275,"d":"275.00 $"},4,20,{"v":5500,"d":"$5,500.00"},{"v":1100,"d":"$1,100.00"}]
[251,"TAPA DE VASOS #12 CLEA  10/100",null,null,"UNID",23,20,43,{"v":224,"d":"224.00 $"},17,26,{"v":5824,"d":"$5,824.00"},{"v":3808,"d":"$3,808.00"}]
[252,"TARJETA DE CITA",null,null,"UNID",470,null,470,{"v":2.75,"d":"2.75 $"},260,210,{"v":577.5,"d":"$577.50"},{"v":715,"d":"$715.00"}]
[253,"TARJETA DE EXPEDIENTE ",null,null,"UNID",900,null,900,{"v":4.5,"d":"4.50 $"},300,600,{"v":2700,"d":"$2,700.00"},{"v":1350,"d":"$1,350.00"}]
[254,"TALONARIO RECETARIO NORMAL",null,null,"TALONARIO",861,null,861,{"v":53.65,"d":"53.65 $"},100,761,{"v":40827.65,"d":"$40,827.65"},{"v":5365,"d":"$5,365.00"}]
[255,"TIJERAS",null,null,"UNID",0,null,0,{"v":62.54,"d":"62.54 $"},null,0,0,0]
[256,"TINTA PARA SELLO AZUL",null,null,"UNID",7,null,7,{"v":106,"d":"106.00 $"},1,6,{"v":636,"d":"$636.00"},{"v":106,"d":"$106.00"}]
[257,"TOALLA MICROFIBRA16´´ *16´´",null,null,"PAQU",9,48,57,{"v":49.56,"d":"49.56 $"},11,46,{"v":2279.76,"d":"$2,279.76"},{"v":545.1600000000001,"d":"$545.16"}]
[258,"ENVASES PLASTICOS 4 OZ",null,null,"UNID",20,20,40,{"v":147,"d":"147.00 $"},14,26,{"v":3822,"d":"$3,822.00"},{"v":2058,"d":"$2,058.00"}]
[259,"TAPAS PLASTICAS 4 OZ",null,null,"PAQU",20,20,40,{"v":137,"d":"137.00 $"},12,28,{"v":3836,"d":"$3,836.00"},{"v":1644,"d":"$1,644.00"}]
[260,"VASO 12 CAJA 40/25 FOAM",null,null,"PAQU",64,120,184,{"v":53.2,"d":"53.20 $"},74,110,{"v":5852,"d":"$5,852.00"},{"v":3936.8,"d":"$3,936.80"}]
[261,"VASO 50 # 5",null,null,"PAQU",97,null,97,{"v":55,"d":"55.00 $"},12,85,{"v":4675,"d":"$4,675.00"},{"v":660,"d":"$660.00"}]
[262,"VASOS 50 #7",null,null,"PAQU",50,150,200,{"v":38.94,"d":"38.94 $"},126,74,{"v":2881.56,"d":"$2,881.56"},{"v":4906.44,"d":"$4,906.44"}]
[{"$nulls":11},{"$f":"SUM(L10:L171)","v":{"v":703105.6200000001,"d":"$703,105.62"}}]
[{"$nulls":9},"TOTAL DE CONSUMO",null,{"$f":"SUM(M10:M172)","v":{"v":222578.03999999998,"d":"$222,578.04"}}]